<?xml version="1.0" encoding="UTF-8"?>
<record
    xmlns:xsi="http://www.w3.org/2001/XMLSchema-instance"
    xsi:schemaLocation="http://www.loc.gov/MARC21/slim http://www.loc.gov/standards/marcxml/schema/MARC21slim.xsd"
    xmlns="http://www.loc.gov/MARC21/slim">

  <leader>08010nam a2201597Ia 4500</leader>
  <controlfield tag="003">AR-BeUNQ</controlfield>
  <controlfield tag="005">20260218175239.0</controlfield>
  <controlfield tag="008">221202s2015    xx adocerf f|f001 0 und d</controlfield>
  <datafield tag="020" ind1=" " ind2=" ">
    <subfield code="a">97895000010740</subfield>
  </datafield>
  <datafield tag="040" ind1=" " ind2=" ">
    <subfield code="a">AR-BeUNQ</subfield>
    <subfield code="b">spa</subfield>
    <subfield code="e">aacr</subfield>
    <subfield code="c">AR-BeUNQ</subfield>
  </datafield>
  <datafield tag="082" ind1=" " ind2=" ">
    <subfield code="2">21</subfield>
    <subfield code="a">379</subfield>
  </datafield>
  <datafield tag="110" ind1=" " ind2=" ">
    <subfield code="a">Argentina.</subfield>
    <subfield code="b">Ministerio de Educaci&#xF3;n</subfield>
  </datafield>
  <datafield tag="245" ind1=" " ind2="0">
    <subfield code="a">Pol&#xED;tica y ciudadan&#xED;a</subfield>
  </datafield>
  <datafield tag="250" ind1=" " ind2=" ">
    <subfield code="a">1a ed.</subfield>
  </datafield>
  <datafield tag="260" ind1=" " ind2=" ">
    <subfield code="a">Ciudad Aut&#xF3;noma de Buenos Aires :</subfield>
    <subfield code="b">Ministerio de Educaci&#xF3;n de la Naci&#xF3;n,</subfield>
    <subfield code="c">2015.</subfield>
  </datafield>
  <datafield tag="300" ind1=" " ind2=" ">
    <subfield code="a">122 p:</subfield>
    <subfield code="b">il. ;</subfield>
    <subfield code="c">21 x 29 cm</subfield>
  </datafield>
  <datafield tag="490" ind1=" " ind2=" ">
    <subfield code="a">FINES</subfield>
  </datafield>
  <datafield tag="500" ind1=" " ind2=" ">
    <subfield code="a">Educacion. Ciudadan&#xED;a</subfield>
  </datafield>
  <datafield tag="504" ind1=" " ind2=" ">
    <subfield code="a">Contiene Bibliografia. </subfield>
  </datafield>
  <datafield tag="521" ind1=" " ind2=" ">
    <subfield code="a">juvenil y adultos</subfield>
  </datafield>
  <datafield tag="546" ind1=" " ind2=" ">
    <subfield code="a">Espa&#xF1;ol</subfield>
  </datafield>
  <datafield tag="650" ind1=" " ind2=" ">
    <subfield code="2">spines</subfield>
    <subfield code="a">Derechos Humanos</subfield>
  </datafield>
  <datafield tag="651" ind1=" " ind2=" ">
    <subfield code="2">unescot</subfield>
    <subfield code="a">Argentina</subfield>
  </datafield>
  <datafield tag="653" ind1=" " ind2=" ">
    <subfield code="a">Ense&#xF1;anza Media</subfield>
  </datafield>
  <datafield tag="929" ind1=" " ind2=" ">
    <subfield code="b">Plan Fines</subfield>
    <subfield code="e">2018</subfield>
    <subfield code="a">DONACION</subfield>
    <subfield code="j">56782</subfield>
    <subfield code="f">PAT0082312</subfield>
    <subfield code="h">1</subfield>
  </datafield>
  <datafield tag="929" ind1=" " ind2=" ">
    <subfield code="b">Plan Fines</subfield>
    <subfield code="e">2018</subfield>
    <subfield code="a">DONACION</subfield>
    <subfield code="j">62854</subfield>
    <subfield code="f">PAT0082385</subfield>
  </datafield>
  <datafield tag="929" ind1=" " ind2=" ">
    <subfield code="b">Plan Fines</subfield>
    <subfield code="a">DONACION</subfield>
    <subfield code="e">2018</subfield>
    <subfield code="j">62853</subfield>
    <subfield code="f">PAT0082390</subfield>
    <subfield code="h">85</subfield>
  </datafield>
  <datafield tag="929" ind1=" " ind2=" ">
    <subfield code="b">Plan Fines</subfield>
    <subfield code="e">20190624</subfield>
    <subfield code="a">DONACION</subfield>
    <subfield code="j">56783</subfield>
    <subfield code="f">PAT0082346</subfield>
    <subfield code="h">2</subfield>
  </datafield>
  <datafield tag="929" ind1=" " ind2=" ">
    <subfield code="b">Plan Fines</subfield>
    <subfield code="e">20190624</subfield>
    <subfield code="a">DONACION</subfield>
    <subfield code="j">56784</subfield>
    <subfield code="f">PAT0082330</subfield>
    <subfield code="h">3</subfield>
  </datafield>
  <datafield tag="929" ind1=" " ind2=" ">
    <subfield code="b">Plan Fines</subfield>
    <subfield code="e">20190624</subfield>
    <subfield code="a">DONACION</subfield>
    <subfield code="j">56785</subfield>
    <subfield code="f">PAT0082344</subfield>
    <subfield code="h">4</subfield>
  </datafield>
  <datafield tag="929" ind1=" " ind2=" ">
    <subfield code="b">Plan Fines</subfield>
    <subfield code="e">20190624</subfield>
    <subfield code="a">DONACION</subfield>
    <subfield code="j">56786</subfield>
    <subfield code="f">PAT0082347</subfield>
    <subfield code="h">5Plan Fine</subfield>
  </datafield>
  <datafield tag="929" ind1=" " ind2=" ">
    <subfield code="b">Plan Fines</subfield>
    <subfield code="e">20190624</subfield>
    <subfield code="a">DONACION</subfield>
    <subfield code="j">56787</subfield>
    <subfield code="f">PAT0082327</subfield>
    <subfield code="h">6</subfield>
  </datafield>
  <datafield tag="929" ind1=" " ind2=" ">
    <subfield code="b">Plan Fines</subfield>
    <subfield code="e">20190624</subfield>
    <subfield code="a">DONACION</subfield>
    <subfield code="j">56788</subfield>
    <subfield code="f">PAT0082339</subfield>
    <subfield code="h">7</subfield>
  </datafield>
  <datafield tag="929" ind1=" " ind2=" ">
    <subfield code="b">Plan Fines</subfield>
    <subfield code="e">20190624</subfield>
    <subfield code="a">DONACION</subfield>
    <subfield code="j">56789</subfield>
    <subfield code="f">PAT0082342</subfield>
    <subfield code="h">8</subfield>
  </datafield>
  <datafield tag="929" ind1=" " ind2=" ">
    <subfield code="b">Plan Fines</subfield>
    <subfield code="e">20190624</subfield>
    <subfield code="a">DONACION</subfield>
    <subfield code="j">56791</subfield>
    <subfield code="f">PAT0082340</subfield>
    <subfield code="h">9</subfield>
  </datafield>
  <datafield tag="929" ind1=" " ind2=" ">
    <subfield code="b">Plan Fines</subfield>
    <subfield code="e">20180918</subfield>
    <subfield code="a">DONACION</subfield>
    <subfield code="j">57363</subfield>
    <subfield code="f">PAT0082343</subfield>
    <subfield code="h">10</subfield>
  </datafield>
  <datafield tag="929" ind1=" " ind2=" ">
    <subfield code="b">Plan Fines</subfield>
    <subfield code="e">2018-09-18</subfield>
    <subfield code="a">DONACION</subfield>
    <subfield code="j">57364</subfield>
    <subfield code="f">PAT0082361</subfield>
    <subfield code="h">11</subfield>
  </datafield>
  <datafield tag="929" ind1=" " ind2=" ">
    <subfield code="b">Plan Fines</subfield>
    <subfield code="e">20180918</subfield>
    <subfield code="a">DONACION</subfield>
    <subfield code="j">57365</subfield>
    <subfield code="h">12</subfield>
  </datafield>
  <datafield tag="929" ind1=" " ind2=" ">
    <subfield code="b">Plan Fines</subfield>
    <subfield code="e">20180918</subfield>
    <subfield code="a">DONACION</subfield>
    <subfield code="j">57366</subfield>
    <subfield code="f">PAT0082348</subfield>
    <subfield code="h">13</subfield>
  </datafield>
  <datafield tag="929" ind1=" " ind2=" ">
    <subfield code="b">Plan Fines</subfield>
    <subfield code="e">20180918</subfield>
    <subfield code="a">DONACION</subfield>
    <subfield code="j">57367</subfield>
    <subfield code="f">PAT0082337</subfield>
    <subfield code="h">14</subfield>
  </datafield>
  <datafield tag="929" ind1=" " ind2=" ">
    <subfield code="b">Plan Fines</subfield>
    <subfield code="e">20180918</subfield>
    <subfield code="a">DONACION</subfield>
    <subfield code="j">57368</subfield>
    <subfield code="f">PAT0082338</subfield>
    <subfield code="h">15</subfield>
  </datafield>
  <datafield tag="929" ind1=" " ind2=" ">
    <subfield code="b">Plan Fines</subfield>
    <subfield code="e">20180918</subfield>
    <subfield code="a">DONACION</subfield>
    <subfield code="j">57369</subfield>
    <subfield code="f">PAT0082320</subfield>
    <subfield code="h">16</subfield>
  </datafield>
  <datafield tag="929" ind1=" " ind2=" ">
    <subfield code="b">Plan Fines</subfield>
    <subfield code="e">20180918</subfield>
    <subfield code="a">DONACION</subfield>
    <subfield code="j">57370</subfield>
    <subfield code="f">PAT0082314</subfield>
    <subfield code="h">17</subfield>
  </datafield>
  <datafield tag="929" ind1=" " ind2=" ">
    <subfield code="b">Plan Fines</subfield>
    <subfield code="e">20180918</subfield>
    <subfield code="a">DONACION</subfield>
    <subfield code="j">57372</subfield>
    <subfield code="f">PAT0082335</subfield>
    <subfield code="h">18</subfield>
  </datafield>
  <datafield tag="929" ind1=" " ind2=" ">
    <subfield code="b">Plan Fines</subfield>
    <subfield code="e">20180918</subfield>
    <subfield code="a">DONACION</subfield>
    <subfield code="j">57373</subfield>
    <subfield code="f">PAT0082307</subfield>
    <subfield code="h">19</subfield>
  </datafield>
  <datafield tag="929" ind1=" " ind2=" ">
    <subfield code="b">Plan Fines</subfield>
    <subfield code="e">20180918</subfield>
    <subfield code="a">DONACION</subfield>
    <subfield code="j">57374</subfield>
    <subfield code="f">PAT0082341</subfield>
    <subfield code="h">20</subfield>
  </datafield>
  <datafield tag="929" ind1=" " ind2=" ">
    <subfield code="b">Plan Fines</subfield>
    <subfield code="e">2018-09-18</subfield>
    <subfield code="a">DONACION</subfield>
    <subfield code="j">57376</subfield>
    <subfield code="f">PAT0082349</subfield>
    <subfield code="h">21</subfield>
  </datafield>
  <datafield tag="929" ind1=" " ind2=" ">
    <subfield code="a">DONACION</subfield>
    <subfield code="b">Plan Fines</subfield>
    <subfield code="j">59746</subfield>
    <subfield code="f">PAT0082318</subfield>
    <subfield code="e">20191122</subfield>
    <subfield code="h">22</subfield>
  </datafield>
  <datafield tag="929" ind1=" " ind2=" ">
    <subfield code="a">DONACION</subfield>
    <subfield code="b">Plan Fines</subfield>
    <subfield code="j">60916</subfield>
    <subfield code="f">PAT0082304</subfield>
    <subfield code="e">2018</subfield>
    <subfield code="h">23</subfield>
  </datafield>
  <datafield tag="929" ind1=" " ind2=" ">
    <subfield code="a">DONACION</subfield>
    <subfield code="b">Plan Fines</subfield>
    <subfield code="j">60917</subfield>
    <subfield code="f">PAT0082315</subfield>
    <subfield code="e">2018</subfield>
    <subfield code="h">24</subfield>
  </datafield>
  <datafield tag="929" ind1=" " ind2=" ">
    <subfield code="a">DONACION</subfield>
    <subfield code="b">Plan Fines</subfield>
    <subfield code="j">60918</subfield>
    <subfield code="f">PAT0082305</subfield>
    <subfield code="e">2018</subfield>
    <subfield code="h">25</subfield>
  </datafield>
  <datafield tag="929" ind1=" " ind2=" ">
    <subfield code="a">DONACION</subfield>
    <subfield code="b">Plan Fines</subfield>
    <subfield code="j">60919</subfield>
    <subfield code="f">PAT0082306</subfield>
    <subfield code="e">2018</subfield>
    <subfield code="h">26</subfield>
  </datafield>
  <datafield tag="929" ind1=" " ind2=" ">
    <subfield code="a">DONACION</subfield>
    <subfield code="b">Plan Fines</subfield>
    <subfield code="j">60920</subfield>
    <subfield code="f">PAT0082308</subfield>
    <subfield code="h">27</subfield>
  </datafield>
  <datafield tag="929" ind1=" " ind2=" ">
    <subfield code="a">DONACION</subfield>
    <subfield code="b">Plan Fines</subfield>
    <subfield code="j">60921</subfield>
    <subfield code="f">PAT0082316</subfield>
    <subfield code="e">2018</subfield>
    <subfield code="h">28</subfield>
  </datafield>
  <datafield tag="929" ind1=" " ind2=" ">
    <subfield code="a">DONACION</subfield>
    <subfield code="b">Plan Fines</subfield>
    <subfield code="j">60922</subfield>
    <subfield code="f">PAT0082319</subfield>
    <subfield code="e">2018</subfield>
    <subfield code="h">29</subfield>
  </datafield>
  <datafield tag="929" ind1=" " ind2=" ">
    <subfield code="a">DONACION</subfield>
    <subfield code="b">Plan Fines</subfield>
    <subfield code="j">60923</subfield>
    <subfield code="f">PAT0082317</subfield>
    <subfield code="e">2018</subfield>
    <subfield code="h">30</subfield>
  </datafield>
  <datafield tag="929" ind1=" " ind2=" ">
    <subfield code="a">DONACION</subfield>
    <subfield code="b">Plan Fines</subfield>
    <subfield code="j">60924</subfield>
    <subfield code="f">PAT0082331</subfield>
    <subfield code="e">2918</subfield>
    <subfield code="h">31</subfield>
  </datafield>
  <datafield tag="929" ind1=" " ind2=" ">
    <subfield code="a">DONACION</subfield>
    <subfield code="b">Plan Fines</subfield>
    <subfield code="j">60925</subfield>
    <subfield code="f">PAT0082360</subfield>
    <subfield code="e">2018</subfield>
    <subfield code="h">32</subfield>
  </datafield>
  <datafield tag="929" ind1=" " ind2=" ">
    <subfield code="a">DONACION</subfield>
    <subfield code="b">Plan Fines</subfield>
    <subfield code="j">60926</subfield>
    <subfield code="f">PAT0082329</subfield>
    <subfield code="e">2018</subfield>
    <subfield code="h">33</subfield>
  </datafield>
  <datafield tag="929" ind1=" " ind2=" ">
    <subfield code="a">DONACION</subfield>
    <subfield code="b">Plan Fines</subfield>
    <subfield code="j">60927</subfield>
    <subfield code="f">PAT0082325</subfield>
    <subfield code="e">2018</subfield>
    <subfield code="h">34</subfield>
  </datafield>
  <datafield tag="929" ind1=" " ind2=" ">
    <subfield code="a">DONACION</subfield>
    <subfield code="b">Plan Fines</subfield>
    <subfield code="j">60928</subfield>
    <subfield code="f">PAT0082311</subfield>
    <subfield code="e">2018</subfield>
    <subfield code="h">35</subfield>
  </datafield>
  <datafield tag="929" ind1=" " ind2=" ">
    <subfield code="a">DONACION</subfield>
    <subfield code="b">Plan Fines</subfield>
    <subfield code="j">60929</subfield>
    <subfield code="f">PAT00823092</subfield>
    <subfield code="e">2018</subfield>
    <subfield code="h">36</subfield>
  </datafield>
  <datafield tag="929" ind1=" " ind2=" ">
    <subfield code="a">DONACION</subfield>
    <subfield code="b">Plan Fines</subfield>
    <subfield code="j">60930</subfield>
    <subfield code="f">PAT0082345</subfield>
    <subfield code="e">2018</subfield>
    <subfield code="h">37</subfield>
  </datafield>
  <datafield tag="929" ind1=" " ind2=" ">
    <subfield code="a">DONACION</subfield>
    <subfield code="b">Plan Fines</subfield>
    <subfield code="j">60931</subfield>
    <subfield code="h">38</subfield>
    <subfield code="i">perdido</subfield>
  </datafield>
  <datafield tag="929" ind1=" " ind2=" ">
    <subfield code="a">DONACION</subfield>
    <subfield code="b">Plan Fines</subfield>
    <subfield code="j">60932</subfield>
    <subfield code="f">PAT0082362</subfield>
    <subfield code="e">2018</subfield>
    <subfield code="h">39</subfield>
  </datafield>
  <datafield tag="929" ind1=" " ind2=" ">
    <subfield code="a">DONACION</subfield>
    <subfield code="j">60933</subfield>
    <subfield code="h">40</subfield>
  </datafield>
  <datafield tag="929" ind1=" " ind2=" ">
    <subfield code="a">DONACION</subfield>
    <subfield code="b">Plan Fines</subfield>
    <subfield code="j">60934</subfield>
    <subfield code="f">PAT0082326</subfield>
    <subfield code="e">2018</subfield>
    <subfield code="h">41</subfield>
  </datafield>
  <datafield tag="929" ind1=" " ind2=" ">
    <subfield code="a">DONACION</subfield>
    <subfield code="j">60935</subfield>
    <subfield code="h">42</subfield>
  </datafield>
  <datafield tag="929" ind1=" " ind2=" ">
    <subfield code="a">DONACION</subfield>
    <subfield code="b">Plan Fines</subfield>
    <subfield code="j">60936</subfield>
    <subfield code="f">PAT0082334</subfield>
    <subfield code="e">2018</subfield>
    <subfield code="h">43</subfield>
  </datafield>
  <datafield tag="929" ind1=" " ind2=" ">
    <subfield code="a">DONACION</subfield>
    <subfield code="b">Plan Fines</subfield>
    <subfield code="j">60937</subfield>
    <subfield code="f">PAT0082333</subfield>
    <subfield code="e">2018</subfield>
    <subfield code="h">44</subfield>
  </datafield>
  <datafield tag="929" ind1=" " ind2=" ">
    <subfield code="a">DONACION</subfield>
    <subfield code="b">Plan Fines</subfield>
    <subfield code="j">60938</subfield>
    <subfield code="f">PAT0082324</subfield>
    <subfield code="e">2018</subfield>
    <subfield code="h">45</subfield>
  </datafield>
  <datafield tag="929" ind1=" " ind2=" ">
    <subfield code="a">DONACION</subfield>
    <subfield code="b">Plan Fines</subfield>
    <subfield code="j">60939</subfield>
    <subfield code="f">PAT0082359</subfield>
    <subfield code="e">2018</subfield>
    <subfield code="h">46</subfield>
  </datafield>
  <datafield tag="929" ind1=" " ind2=" ">
    <subfield code="a">DONACION</subfield>
    <subfield code="b">Plan Fines</subfield>
    <subfield code="j">60940</subfield>
    <subfield code="f">PAT0082322</subfield>
    <subfield code="h">47</subfield>
  </datafield>
  <datafield tag="929" ind1=" " ind2=" ">
    <subfield code="a">DONACION</subfield>
    <subfield code="b">Plan Fines</subfield>
    <subfield code="j">60941</subfield>
    <subfield code="f">PAT0082296</subfield>
    <subfield code="e">2018</subfield>
    <subfield code="h">48</subfield>
  </datafield>
  <datafield tag="929" ind1=" " ind2=" ">
    <subfield code="a">DONACION</subfield>
    <subfield code="b">Plan Fines</subfield>
    <subfield code="j">60942</subfield>
    <subfield code="f">PAT0082323</subfield>
    <subfield code="e">2018</subfield>
    <subfield code="h">49</subfield>
  </datafield>
  <datafield tag="929" ind1=" " ind2=" ">
    <subfield code="a">DONACION</subfield>
    <subfield code="b">Plan Fines</subfield>
    <subfield code="j">60943</subfield>
    <subfield code="f">PAT0082328</subfield>
    <subfield code="e">2018</subfield>
    <subfield code="h">50</subfield>
  </datafield>
  <datafield tag="929" ind1=" " ind2=" ">
    <subfield code="a">DONACION</subfield>
    <subfield code="b">Plan Fines</subfield>
    <subfield code="j">60944</subfield>
    <subfield code="f">PAT0082336</subfield>
    <subfield code="e">2018</subfield>
    <subfield code="h">51</subfield>
  </datafield>
  <datafield tag="929" ind1=" " ind2=" ">
    <subfield code="a">DONACION</subfield>
    <subfield code="b">Plan Fines</subfield>
    <subfield code="j">61716</subfield>
    <subfield code="f">PAT0082293</subfield>
    <subfield code="e">2019</subfield>
    <subfield code="h">52</subfield>
  </datafield>
  <datafield tag="929" ind1=" " ind2=" ">
    <subfield code="a">DONACION</subfield>
    <subfield code="b">Plan Fines</subfield>
    <subfield code="j">61717</subfield>
    <subfield code="f">PAT0082294</subfield>
    <subfield code="e">2019</subfield>
    <subfield code="h">53</subfield>
  </datafield>
  <datafield tag="929" ind1=" " ind2=" ">
    <subfield code="a">DONACION</subfield>
    <subfield code="b">Plan Fines</subfield>
    <subfield code="j">61718</subfield>
    <subfield code="f">PAT0082301</subfield>
    <subfield code="e">2019</subfield>
    <subfield code="h">54</subfield>
  </datafield>
  <datafield tag="929" ind1=" " ind2=" ">
    <subfield code="a">DONACION</subfield>
    <subfield code="b">Plan Fines</subfield>
    <subfield code="j">61719</subfield>
    <subfield code="f">PAT0082295</subfield>
    <subfield code="e">2019</subfield>
    <subfield code="h">55</subfield>
  </datafield>
  <datafield tag="929" ind1=" " ind2=" ">
    <subfield code="a">DONACION</subfield>
    <subfield code="b">Plan Fines</subfield>
    <subfield code="j">61720</subfield>
    <subfield code="f">PAT0082297</subfield>
    <subfield code="e">2019</subfield>
    <subfield code="h">56</subfield>
  </datafield>
  <datafield tag="929" ind1=" " ind2=" ">
    <subfield code="a">DONACION</subfield>
    <subfield code="b">Plan Fines</subfield>
    <subfield code="j">61721</subfield>
    <subfield code="f">PAT0082299</subfield>
    <subfield code="e">2019</subfield>
    <subfield code="h">57</subfield>
  </datafield>
  <datafield tag="929" ind1=" " ind2=" ">
    <subfield code="a">DONACION</subfield>
    <subfield code="b">Plan Fines</subfield>
    <subfield code="j">61722</subfield>
    <subfield code="f">PAT0082298</subfield>
    <subfield code="e">2019</subfield>
    <subfield code="h">58</subfield>
  </datafield>
  <datafield tag="929" ind1=" " ind2=" ">
    <subfield code="a">DONACION</subfield>
    <subfield code="b">Plan Fines</subfield>
    <subfield code="j">61723</subfield>
    <subfield code="f">PAT0082303</subfield>
    <subfield code="e">2019</subfield>
    <subfield code="h">59</subfield>
  </datafield>
  <datafield tag="929" ind1=" " ind2=" ">
    <subfield code="a">DONACION</subfield>
    <subfield code="b">Plan Fines</subfield>
    <subfield code="j">61724</subfield>
    <subfield code="f">PAT0082300</subfield>
    <subfield code="e">2019</subfield>
    <subfield code="h">60</subfield>
  </datafield>
  <datafield tag="929" ind1=" " ind2=" ">
    <subfield code="a">DONACION</subfield>
    <subfield code="b">Plan Fines</subfield>
    <subfield code="j">61725</subfield>
    <subfield code="f">PAT0082302</subfield>
    <subfield code="e">2019</subfield>
    <subfield code="h">61</subfield>
  </datafield>
  <datafield tag="929" ind1=" " ind2=" ">
    <subfield code="b">Plan fines</subfield>
    <subfield code="e">2019</subfield>
    <subfield code="a">DONACION</subfield>
    <subfield code="j">62312</subfield>
    <subfield code="f">PAT0082364</subfield>
  </datafield>
  <datafield tag="929" ind1=" " ind2=" ">
    <subfield code="a">DONACION</subfield>
  </datafield>
  <datafield tag="929" ind1=" " ind2=" ">
    <subfield code="b">Plan Fines</subfield>
    <subfield code="e">2019</subfield>
    <subfield code="a">DONACION</subfield>
    <subfield code="j">62313</subfield>
    <subfield code="f">PAT0082363</subfield>
    <subfield code="h">2</subfield>
  </datafield>
  <datafield tag="929" ind1=" " ind2=" ">
    <subfield code="b">Plan Fines</subfield>
    <subfield code="e">2019</subfield>
    <subfield code="a">DONACION</subfield>
    <subfield code="j">62314</subfield>
    <subfield code="f">PAT0082380</subfield>
    <subfield code="h">3</subfield>
  </datafield>
  <datafield tag="929" ind1=" " ind2=" ">
    <subfield code="b">Plan Fines</subfield>
    <subfield code="e">2019</subfield>
    <subfield code="a">DONACION</subfield>
    <subfield code="j">62315</subfield>
    <subfield code="f">PAT0082381</subfield>
    <subfield code="h">4</subfield>
  </datafield>
  <datafield tag="929" ind1=" " ind2=" ">
    <subfield code="b">Plan Fines</subfield>
    <subfield code="e">2019</subfield>
    <subfield code="a">DONACION</subfield>
    <subfield code="j">62316</subfield>
    <subfield code="f">PAT823812</subfield>
    <subfield code="h">5</subfield>
  </datafield>
  <datafield tag="929" ind1=" " ind2=" ">
    <subfield code="b">Plan Fines</subfield>
    <subfield code="e">2019</subfield>
    <subfield code="a">DONACION</subfield>
    <subfield code="j">62317</subfield>
    <subfield code="f">PAT0082383</subfield>
    <subfield code="h">6</subfield>
  </datafield>
  <datafield tag="929" ind1=" " ind2=" ">
    <subfield code="b">Plan Fines</subfield>
    <subfield code="e">2019</subfield>
    <subfield code="a">DONACION</subfield>
    <subfield code="j">62318</subfield>
    <subfield code="f">PAT0082384</subfield>
    <subfield code="h">7</subfield>
  </datafield>
  <datafield tag="929" ind1=" " ind2=" ">
    <subfield code="b">Plan Fines</subfield>
    <subfield code="e">2019</subfield>
    <subfield code="a">DONACION</subfield>
    <subfield code="j">62319</subfield>
    <subfield code="f">PAT0082371</subfield>
    <subfield code="h">8</subfield>
  </datafield>
  <datafield tag="929" ind1=" " ind2=" ">
    <subfield code="b">Plan Fines</subfield>
    <subfield code="e">2019</subfield>
    <subfield code="a">DONACION</subfield>
    <subfield code="j">62320</subfield>
    <subfield code="f">PAT0082370</subfield>
    <subfield code="h">9</subfield>
  </datafield>
  <datafield tag="929" ind1=" " ind2=" ">
    <subfield code="b">Plan Fines</subfield>
    <subfield code="e">2019</subfield>
    <subfield code="a">DONACION</subfield>
    <subfield code="j">62321</subfield>
    <subfield code="f">PAT0082369</subfield>
    <subfield code="h">10</subfield>
  </datafield>
  <datafield tag="929" ind1=" " ind2=" ">
    <subfield code="b">Plan Fines</subfield>
    <subfield code="e">2019</subfield>
    <subfield code="a">DONACION</subfield>
    <subfield code="j">62322</subfield>
    <subfield code="f">PAT0082368</subfield>
    <subfield code="h">11</subfield>
  </datafield>
  <datafield tag="929" ind1=" " ind2=" ">
    <subfield code="b">Plan Fines</subfield>
    <subfield code="e">2019</subfield>
    <subfield code="a">DONACION</subfield>
    <subfield code="j">62323</subfield>
    <subfield code="f">PAT0082367</subfield>
    <subfield code="h">12</subfield>
  </datafield>
  <datafield tag="929" ind1=" " ind2=" ">
    <subfield code="b">Plan Fines</subfield>
    <subfield code="e">2019</subfield>
    <subfield code="a">DONACION</subfield>
    <subfield code="j">62324</subfield>
    <subfield code="f">PAT0082366</subfield>
    <subfield code="h">13</subfield>
  </datafield>
  <datafield tag="929" ind1=" " ind2=" ">
    <subfield code="b">Plan Fines</subfield>
    <subfield code="e">2019</subfield>
    <subfield code="a">DONACION</subfield>
    <subfield code="j">62325</subfield>
    <subfield code="f">PAT0082365</subfield>
    <subfield code="h">14</subfield>
  </datafield>
  <datafield tag="929" ind1=" " ind2=" ">
    <subfield code="b">Plan Fines</subfield>
    <subfield code="e">2019</subfield>
    <subfield code="a">DONACION</subfield>
    <subfield code="j">62326</subfield>
    <subfield code="f">PAT0082351</subfield>
    <subfield code="h">15</subfield>
  </datafield>
  <datafield tag="929" ind1=" " ind2=" ">
    <subfield code="b">Plan Fines</subfield>
    <subfield code="e">2019</subfield>
    <subfield code="a">DONACION</subfield>
    <subfield code="j">62327</subfield>
    <subfield code="f">PAT0082352</subfield>
    <subfield code="h">16</subfield>
  </datafield>
  <datafield tag="929" ind1=" " ind2=" ">
    <subfield code="b">Plan Fines</subfield>
    <subfield code="e">2019</subfield>
    <subfield code="a">DONACION</subfield>
    <subfield code="j">62328</subfield>
    <subfield code="f">PAT0082353</subfield>
    <subfield code="h">78</subfield>
  </datafield>
  <datafield tag="929" ind1=" " ind2=" ">
    <subfield code="b">Plan Fines</subfield>
    <subfield code="e">2019</subfield>
    <subfield code="a">DONACION</subfield>
    <subfield code="j">62329</subfield>
    <subfield code="f">PAT0082354</subfield>
    <subfield code="h">79</subfield>
  </datafield>
  <datafield tag="929" ind1=" " ind2=" ">
    <subfield code="b">Plan Fines</subfield>
    <subfield code="e">2019</subfield>
    <subfield code="a">DONACION</subfield>
    <subfield code="j">62330</subfield>
    <subfield code="f">PAT0082355</subfield>
    <subfield code="h">80</subfield>
  </datafield>
  <datafield tag="929" ind1=" " ind2=" ">
    <subfield code="b">Plan Fines</subfield>
    <subfield code="e">2019</subfield>
    <subfield code="a">DONACION</subfield>
    <subfield code="j">62331</subfield>
    <subfield code="f">PAT0082356</subfield>
    <subfield code="h">81</subfield>
  </datafield>
  <datafield tag="929" ind1=" " ind2=" ">
    <subfield code="b">Plan Fines</subfield>
    <subfield code="e">2019</subfield>
    <subfield code="a">DONACION</subfield>
    <subfield code="j">62332</subfield>
    <subfield code="f">PAT0082357</subfield>
    <subfield code="h">82</subfield>
  </datafield>
  <datafield tag="929" ind1=" " ind2=" ">
    <subfield code="b">Plan Fines</subfield>
    <subfield code="e">2019</subfield>
    <subfield code="a">DONACION</subfield>
    <subfield code="j">62333</subfield>
    <subfield code="f">PAT0082358</subfield>
    <subfield code="h">83</subfield>
  </datafield>
  <datafield tag="929" ind1=" " ind2=" ">
    <subfield code="b">Plan Fines</subfield>
    <subfield code="e">2019</subfield>
    <subfield code="a">DONACION</subfield>
    <subfield code="j">62334</subfield>
    <subfield code="f">PAT0082376</subfield>
    <subfield code="h">84</subfield>
  </datafield>
  <datafield tag="929" ind1=" " ind2=" ">
    <subfield code="b">Plan Fines</subfield>
    <subfield code="e">2019</subfield>
    <subfield code="a">DONACION</subfield>
    <subfield code="j">62853</subfield>
    <subfield code="f">PAT0082390</subfield>
    <subfield code="h">85</subfield>
  </datafield>
  <datafield tag="929" ind1=" " ind2=" ">
    <subfield code="b">Plan Fines</subfield>
    <subfield code="e">2019</subfield>
    <subfield code="a">DONACION</subfield>
    <subfield code="j">32854</subfield>
    <subfield code="f">PAT0082385</subfield>
    <subfield code="h">86</subfield>
  </datafield>
  <datafield tag="929" ind1=" " ind2=" ">
    <subfield code="b">Plan Fines</subfield>
    <subfield code="e">2019</subfield>
    <subfield code="a">DONACION</subfield>
    <subfield code="j">62741</subfield>
    <subfield code="f">PAT0082372</subfield>
    <subfield code="h">87</subfield>
  </datafield>
  <datafield tag="929" ind1=" " ind2=" ">
    <subfield code="b">Plan Fines</subfield>
    <subfield code="e">2019</subfield>
    <subfield code="a">DONACION</subfield>
    <subfield code="j">62742</subfield>
    <subfield code="f">PAT0082377</subfield>
    <subfield code="h">88</subfield>
  </datafield>
  <datafield tag="929" ind1=" " ind2=" ">
    <subfield code="b">Plan Fines</subfield>
    <subfield code="e">2019</subfield>
    <subfield code="a">DONACION</subfield>
    <subfield code="j">62743</subfield>
    <subfield code="f">PAT0082392</subfield>
    <subfield code="h">89</subfield>
  </datafield>
  <datafield tag="929" ind1=" " ind2=" ">
    <subfield code="b">Plan Fines</subfield>
    <subfield code="e">2019</subfield>
    <subfield code="a">DONACION</subfield>
    <subfield code="j">62744</subfield>
    <subfield code="f">PAT0082332</subfield>
    <subfield code="h">90</subfield>
  </datafield>
  <datafield tag="929" ind1=" " ind2=" ">
    <subfield code="b">Plan Fines</subfield>
    <subfield code="e">2019</subfield>
    <subfield code="a">DONACION</subfield>
    <subfield code="j">62745</subfield>
    <subfield code="f">PAT0082391</subfield>
    <subfield code="h">91</subfield>
  </datafield>
  <datafield tag="929" ind1=" " ind2=" ">
    <subfield code="b">Plan Fines</subfield>
    <subfield code="e">2019</subfield>
    <subfield code="a">DONACION</subfield>
    <subfield code="j">62746</subfield>
    <subfield code="f">PAT0082378</subfield>
    <subfield code="h">92</subfield>
  </datafield>
  <datafield tag="929" ind1=" " ind2=" ">
    <subfield code="b">Plan Fines</subfield>
    <subfield code="e">2019</subfield>
    <subfield code="a">DONACION</subfield>
    <subfield code="j">62747</subfield>
    <subfield code="f">PAT0082379</subfield>
    <subfield code="h">93</subfield>
  </datafield>
  <datafield tag="929" ind1=" " ind2=" ">
    <subfield code="b">Plan Fines</subfield>
    <subfield code="e">2019</subfield>
    <subfield code="a">DONACION</subfield>
    <subfield code="j">62748</subfield>
    <subfield code="f">PAT0082373</subfield>
    <subfield code="h">94</subfield>
  </datafield>
  <datafield tag="929" ind1=" " ind2=" ">
    <subfield code="b">Plan Fines</subfield>
    <subfield code="e">2019</subfield>
    <subfield code="a">DONACION</subfield>
    <subfield code="j">62749</subfield>
    <subfield code="f">PAT0082350</subfield>
    <subfield code="h">95</subfield>
  </datafield>
  <datafield tag="929" ind1=" " ind2=" ">
    <subfield code="b">Plan Fines</subfield>
    <subfield code="e">2019</subfield>
    <subfield code="a">DONACION</subfield>
    <subfield code="j">62750</subfield>
    <subfield code="f">PAT0082394</subfield>
    <subfield code="h">96</subfield>
  </datafield>
  <datafield tag="929" ind1=" " ind2=" ">
    <subfield code="b">Plan Fines</subfield>
    <subfield code="e">2019</subfield>
    <subfield code="a">DONACION</subfield>
    <subfield code="j">62751</subfield>
    <subfield code="f">PAT0082374</subfield>
    <subfield code="h">97</subfield>
  </datafield>
  <datafield tag="929" ind1=" " ind2=" ">
    <subfield code="b">Plan Fines</subfield>
    <subfield code="e">2019</subfield>
    <subfield code="a">DONACION</subfield>
    <subfield code="j">62752</subfield>
    <subfield code="f">PAT0082387</subfield>
    <subfield code="h">98</subfield>
  </datafield>
  <datafield tag="929" ind1=" " ind2=" ">
    <subfield code="b">Plan Fines</subfield>
    <subfield code="e">2019</subfield>
    <subfield code="a">DONACION</subfield>
    <subfield code="j">62753</subfield>
    <subfield code="f">PAT0082389</subfield>
    <subfield code="h">99</subfield>
  </datafield>
  <datafield tag="929" ind1=" " ind2=" ">
    <subfield code="b">Plan Fines</subfield>
    <subfield code="e">2019</subfield>
    <subfield code="a">DONACION</subfield>
    <subfield code="j">62754</subfield>
    <subfield code="f">PAT0082398</subfield>
    <subfield code="h">100</subfield>
  </datafield>
  <datafield tag="929" ind1=" " ind2=" ">
    <subfield code="b">Plan Fines</subfield>
    <subfield code="e">2019</subfield>
    <subfield code="a">DONACION</subfield>
    <subfield code="j">62755</subfield>
    <subfield code="f">PAT0082396</subfield>
    <subfield code="h">101</subfield>
  </datafield>
  <datafield tag="929" ind1=" " ind2=" ">
    <subfield code="b">Plan Fines</subfield>
    <subfield code="e">2019</subfield>
    <subfield code="a">DONACION</subfield>
    <subfield code="j">62756</subfield>
    <subfield code="f">PAT0082395</subfield>
    <subfield code="h">102</subfield>
  </datafield>
  <datafield tag="929" ind1=" " ind2=" ">
    <subfield code="b">Plan Fines</subfield>
    <subfield code="e">2019</subfield>
    <subfield code="a">DONACION</subfield>
    <subfield code="j">62757</subfield>
    <subfield code="f">PAT0082397</subfield>
    <subfield code="h">103</subfield>
  </datafield>
  <datafield tag="929" ind1=" " ind2=" ">
    <subfield code="b">Plan Fines</subfield>
    <subfield code="e">2019</subfield>
    <subfield code="a">DONACION</subfield>
    <subfield code="j">62758</subfield>
    <subfield code="f">PAT0082388</subfield>
    <subfield code="h">104</subfield>
  </datafield>
  <datafield tag="929" ind1=" " ind2=" ">
    <subfield code="b">Plan Fines</subfield>
    <subfield code="e">2019</subfield>
    <subfield code="a">DONACION</subfield>
    <subfield code="j">62759</subfield>
    <subfield code="f">PAT0082393</subfield>
    <subfield code="h">105</subfield>
  </datafield>
  <datafield tag="929" ind1=" " ind2=" ">
    <subfield code="b">Plan Fines</subfield>
    <subfield code="e">2019</subfield>
    <subfield code="a">DONACION</subfield>
    <subfield code="j">62760</subfield>
    <subfield code="f">PAT0082386</subfield>
    <subfield code="h">106</subfield>
  </datafield>
  <datafield tag="929" ind1=" " ind2=" ">
    <subfield code="b">Plan Fines</subfield>
    <subfield code="e">2018</subfield>
    <subfield code="a">DONACION</subfield>
    <subfield code="j">56790</subfield>
    <subfield code="h">107</subfield>
    <subfield code="f">PAT0083761</subfield>
  </datafield>
  <datafield tag="942" ind1=" " ind2=" ">
    <subfield code="c">LIB</subfield>
    <subfield code="n">0</subfield>
  </datafield>
  <datafield tag="999" ind1=" " ind2=" ">
    <subfield code="c">376</subfield>
    <subfield code="d">376</subfield>
  </datafield>
  <datafield tag="952" ind1=" " ind2=" ">
    <subfield code="0">0</subfield>
    <subfield code="1">0</subfield>
    <subfield code="a">BIBESET</subfield>
    <subfield code="b">BIBESET</subfield>
    <subfield code="c">circulacion</subfield>
    <subfield code="d">2018-07-02</subfield>
    <subfield code="o">379 MIN</subfield>
    <subfield code="p">60916</subfield>
    <subfield code="r">2023-05-29</subfield>
    <subfield code="t">23</subfield>
    <subfield code="y">LIB</subfield>
    <subfield code="k">KM</subfield>
  </datafield>
  <datafield tag="952" ind1=" " ind2=" ">
    <subfield code="0">0</subfield>
    <subfield code="1">0</subfield>
    <subfield code="a">BIBESET</subfield>
    <subfield code="b">BIBESET</subfield>
    <subfield code="c">circulacion</subfield>
    <subfield code="d">2018-07-02</subfield>
    <subfield code="o">379 MIN</subfield>
    <subfield code="p">60917</subfield>
    <subfield code="r">2023-05-29</subfield>
    <subfield code="t">24</subfield>
    <subfield code="y">LIB</subfield>
    <subfield code="k">KM</subfield>
  </datafield>
  <datafield tag="952" ind1=" " ind2=" ">
    <subfield code="0">0</subfield>
    <subfield code="1">0</subfield>
    <subfield code="a">BIBESET</subfield>
    <subfield code="b">BIBESET</subfield>
    <subfield code="c">circulacion</subfield>
    <subfield code="d">2018-07-02</subfield>
    <subfield code="o">379 MIN</subfield>
    <subfield code="p">60918</subfield>
    <subfield code="r">2023-05-29</subfield>
    <subfield code="t">25</subfield>
    <subfield code="y">LIB</subfield>
    <subfield code="k">KM</subfield>
  </datafield>
  <datafield tag="952" ind1=" " ind2=" ">
    <subfield code="0">0</subfield>
    <subfield code="1">0</subfield>
    <subfield code="a">BIBESET</subfield>
    <subfield code="b">BIBESET</subfield>
    <subfield code="c">circulacion</subfield>
    <subfield code="d">2018-07-02</subfield>
    <subfield code="o">379 MIN</subfield>
    <subfield code="p">60919</subfield>
    <subfield code="r">2023-05-29</subfield>
    <subfield code="t">26</subfield>
    <subfield code="y">LIB</subfield>
    <subfield code="k">KM</subfield>
  </datafield>
  <datafield tag="952" ind1=" " ind2=" ">
    <subfield code="0">0</subfield>
    <subfield code="1">0</subfield>
    <subfield code="a">BIBESET</subfield>
    <subfield code="b">BIBESET</subfield>
    <subfield code="c">circulacion</subfield>
    <subfield code="d">2018-07-02</subfield>
    <subfield code="o">379 MIN</subfield>
    <subfield code="p">60920</subfield>
    <subfield code="r">2023-05-29</subfield>
    <subfield code="t">27</subfield>
    <subfield code="y">LIB</subfield>
    <subfield code="k">KM</subfield>
  </datafield>
  <datafield tag="952" ind1=" " ind2=" ">
    <subfield code="0">0</subfield>
    <subfield code="1">0</subfield>
    <subfield code="a">BIBESET</subfield>
    <subfield code="b">BIBESET</subfield>
    <subfield code="c">circulacion</subfield>
    <subfield code="d">2018-07-02</subfield>
    <subfield code="o">379 MIN</subfield>
    <subfield code="p">60921</subfield>
    <subfield code="r">2023-05-29</subfield>
    <subfield code="t">28</subfield>
    <subfield code="y">LIB</subfield>
    <subfield code="k">KM</subfield>
  </datafield>
  <datafield tag="952" ind1=" " ind2=" ">
    <subfield code="0">0</subfield>
    <subfield code="1">0</subfield>
    <subfield code="a">BIBESET</subfield>
    <subfield code="b">BIBESET</subfield>
    <subfield code="c">circulacion</subfield>
    <subfield code="d">2018-07-02</subfield>
    <subfield code="o">379 MIN</subfield>
    <subfield code="p">60922</subfield>
    <subfield code="r">2023-05-29</subfield>
    <subfield code="t">29</subfield>
    <subfield code="y">LIB</subfield>
    <subfield code="k">KM</subfield>
  </datafield>
  <datafield tag="952" ind1=" " ind2=" ">
    <subfield code="0">0</subfield>
    <subfield code="1">0</subfield>
    <subfield code="a">BIBESET</subfield>
    <subfield code="b">BIBESET</subfield>
    <subfield code="c">circulacion</subfield>
    <subfield code="d">2018-07-02</subfield>
    <subfield code="o">379 MIN</subfield>
    <subfield code="p">60923</subfield>
    <subfield code="r">2023-05-29</subfield>
    <subfield code="t">30</subfield>
    <subfield code="y">LIB</subfield>
    <subfield code="k">KM</subfield>
  </datafield>
  <datafield tag="952" ind1=" " ind2=" ">
    <subfield code="0">0</subfield>
    <subfield code="1">0</subfield>
    <subfield code="a">BIBESET</subfield>
    <subfield code="b">BIBESET</subfield>
    <subfield code="c">circulacion</subfield>
    <subfield code="d">2018-07-02</subfield>
    <subfield code="o">379 MIN</subfield>
    <subfield code="p">60924</subfield>
    <subfield code="r">2023-05-29</subfield>
    <subfield code="t">31</subfield>
    <subfield code="y">LIB</subfield>
    <subfield code="k">KM</subfield>
  </datafield>
  <datafield tag="952" ind1=" " ind2=" ">
    <subfield code="0">0</subfield>
    <subfield code="1">0</subfield>
    <subfield code="a">BIBESET</subfield>
    <subfield code="b">BIBESET</subfield>
    <subfield code="c">circulacion</subfield>
    <subfield code="d">2018-07-02</subfield>
    <subfield code="o">379 MIN</subfield>
    <subfield code="p">60925</subfield>
    <subfield code="r">2023-05-29</subfield>
    <subfield code="t">32</subfield>
    <subfield code="y">LIB</subfield>
    <subfield code="k">KM</subfield>
  </datafield>
  <datafield tag="952" ind1=" " ind2=" ">
    <subfield code="0">0</subfield>
    <subfield code="1">0</subfield>
    <subfield code="a">BIBESET</subfield>
    <subfield code="b">BIBESET</subfield>
    <subfield code="c">circulacion</subfield>
    <subfield code="d">2018-07-02</subfield>
    <subfield code="o">379 MIN</subfield>
    <subfield code="p">60926</subfield>
    <subfield code="r">2023-05-29</subfield>
    <subfield code="t">33</subfield>
    <subfield code="y">LIB</subfield>
    <subfield code="k">KM</subfield>
  </datafield>
  <datafield tag="952" ind1=" " ind2=" ">
    <subfield code="0">0</subfield>
    <subfield code="1">0</subfield>
    <subfield code="a">BIBESET</subfield>
    <subfield code="b">BIBESET</subfield>
    <subfield code="c">circulacion</subfield>
    <subfield code="d">2018-07-02</subfield>
    <subfield code="l">1</subfield>
    <subfield code="o">379 MIN</subfield>
    <subfield code="p">60927</subfield>
    <subfield code="r">2025-11-27</subfield>
    <subfield code="s">2025-11-27</subfield>
    <subfield code="t">34</subfield>
    <subfield code="y">LIB</subfield>
    <subfield code="k">KM</subfield>
  </datafield>
  <datafield tag="952" ind1=" " ind2=" ">
    <subfield code="0">0</subfield>
    <subfield code="1">0</subfield>
    <subfield code="a">BIBESET</subfield>
    <subfield code="b">BIBESET</subfield>
    <subfield code="c">circulacion</subfield>
    <subfield code="d">2018-07-02</subfield>
    <subfield code="l">1</subfield>
    <subfield code="o">379 MIN</subfield>
    <subfield code="p">60928</subfield>
    <subfield code="r">2025-11-27</subfield>
    <subfield code="s">2025-11-27</subfield>
    <subfield code="t">35</subfield>
    <subfield code="y">LIB</subfield>
    <subfield code="k">KM</subfield>
  </datafield>
  <datafield tag="952" ind1=" " ind2=" ">
    <subfield code="0">0</subfield>
    <subfield code="1">0</subfield>
    <subfield code="a">BIBESET</subfield>
    <subfield code="b">BIBESET</subfield>
    <subfield code="c">circulacion</subfield>
    <subfield code="d">2018-07-02</subfield>
    <subfield code="o">379 MIN</subfield>
    <subfield code="p">60929</subfield>
    <subfield code="r">2023-05-29</subfield>
    <subfield code="t">36</subfield>
    <subfield code="y">LIB</subfield>
    <subfield code="k">KM</subfield>
  </datafield>
  <datafield tag="952" ind1=" " ind2=" ">
    <subfield code="0">0</subfield>
    <subfield code="1">0</subfield>
    <subfield code="a">BIBESET</subfield>
    <subfield code="b">BIBESET</subfield>
    <subfield code="c">circulacion</subfield>
    <subfield code="d">2018-07-02</subfield>
    <subfield code="l">1</subfield>
    <subfield code="o">379 MIN</subfield>
    <subfield code="p">60930</subfield>
    <subfield code="r">2025-11-27</subfield>
    <subfield code="s">2025-10-30</subfield>
    <subfield code="t">37</subfield>
    <subfield code="y">LIB</subfield>
    <subfield code="k">KM</subfield>
  </datafield>
  <datafield tag="952" ind1=" " ind2=" ">
    <subfield code="0">1</subfield>
    <subfield code="1">0</subfield>
    <subfield code="a">BIBESET</subfield>
    <subfield code="b">BIBESET</subfield>
    <subfield code="c">circulacion</subfield>
    <subfield code="d">2018-07-02</subfield>
    <subfield code="o">379 MIN</subfield>
    <subfield code="p">60931</subfield>
    <subfield code="r">2023-05-29</subfield>
    <subfield code="t">38</subfield>
    <subfield code="y">LIB</subfield>
    <subfield code="k">KM</subfield>
  </datafield>
  <datafield tag="952" ind1=" " ind2=" ">
    <subfield code="0">0</subfield>
    <subfield code="1">0</subfield>
    <subfield code="a">BIBESET</subfield>
    <subfield code="b">BIBESET</subfield>
    <subfield code="c">circulacion</subfield>
    <subfield code="d">2018-07-02</subfield>
    <subfield code="o">379 MIN</subfield>
    <subfield code="p">60932</subfield>
    <subfield code="r">2023-05-29</subfield>
    <subfield code="t">39</subfield>
    <subfield code="y">LIB</subfield>
    <subfield code="k">KM</subfield>
  </datafield>
  <datafield tag="952" ind1=" " ind2=" ">
    <subfield code="0">1</subfield>
    <subfield code="1">0</subfield>
    <subfield code="a">BIBESET</subfield>
    <subfield code="b">BIBESET</subfield>
    <subfield code="c">circulacion</subfield>
    <subfield code="d">2018-07-02</subfield>
    <subfield code="o">379 MIN</subfield>
    <subfield code="p">60933</subfield>
    <subfield code="r">2023-05-29</subfield>
    <subfield code="t">40</subfield>
    <subfield code="y">LIB</subfield>
    <subfield code="k">KM</subfield>
  </datafield>
  <datafield tag="952" ind1=" " ind2=" ">
    <subfield code="0">0</subfield>
    <subfield code="1">0</subfield>
    <subfield code="a">BIBESET</subfield>
    <subfield code="b">BIBESET</subfield>
    <subfield code="c">circulacion</subfield>
    <subfield code="d">2018-07-02</subfield>
    <subfield code="o">379 MIN</subfield>
    <subfield code="p">60934</subfield>
    <subfield code="r">2023-05-29</subfield>
    <subfield code="t">41</subfield>
    <subfield code="y">LIB</subfield>
    <subfield code="k">KM</subfield>
  </datafield>
  <datafield tag="952" ind1=" " ind2=" ">
    <subfield code="0">1</subfield>
    <subfield code="1">0</subfield>
    <subfield code="a">BIBESET</subfield>
    <subfield code="b">BIBESET</subfield>
    <subfield code="c">circulacion</subfield>
    <subfield code="d">2018-07-02</subfield>
    <subfield code="o">379 MIN</subfield>
    <subfield code="p">60935</subfield>
    <subfield code="r">2023-05-29</subfield>
    <subfield code="t">42</subfield>
    <subfield code="y">LIB</subfield>
  </datafield>
  <datafield tag="952" ind1=" " ind2=" ">
    <subfield code="0">0</subfield>
    <subfield code="1">0</subfield>
    <subfield code="a">BIBESET</subfield>
    <subfield code="b">BIBESET</subfield>
    <subfield code="c">circulacion</subfield>
    <subfield code="d">2018-07-02</subfield>
    <subfield code="o">379 MIN</subfield>
    <subfield code="p">60936</subfield>
    <subfield code="r">2023-05-29</subfield>
    <subfield code="t">43</subfield>
    <subfield code="y">LIB</subfield>
    <subfield code="k">KM</subfield>
  </datafield>
  <datafield tag="952" ind1=" " ind2=" ">
    <subfield code="0">0</subfield>
    <subfield code="1">0</subfield>
    <subfield code="a">BIBESET</subfield>
    <subfield code="b">BIBESET</subfield>
    <subfield code="c">circulacion</subfield>
    <subfield code="d">2018-07-02</subfield>
    <subfield code="o">379 MIN</subfield>
    <subfield code="p">60937</subfield>
    <subfield code="r">2023-05-29</subfield>
    <subfield code="t">44</subfield>
    <subfield code="y">LIB</subfield>
    <subfield code="k">KM</subfield>
  </datafield>
  <datafield tag="952" ind1=" " ind2=" ">
    <subfield code="0">0</subfield>
    <subfield code="1">0</subfield>
    <subfield code="a">BIBESET</subfield>
    <subfield code="b">BIBESET</subfield>
    <subfield code="c">circulacion</subfield>
    <subfield code="d">2018-07-02</subfield>
    <subfield code="o">379 MIN</subfield>
    <subfield code="p">60938</subfield>
    <subfield code="r">2023-05-29</subfield>
    <subfield code="t">45</subfield>
    <subfield code="y">LIB</subfield>
    <subfield code="k">KM</subfield>
  </datafield>
  <datafield tag="952" ind1=" " ind2=" ">
    <subfield code="0">0</subfield>
    <subfield code="1">0</subfield>
    <subfield code="a">BIBESET</subfield>
    <subfield code="b">BIBESET</subfield>
    <subfield code="c">circulacion</subfield>
    <subfield code="d">2018-07-02</subfield>
    <subfield code="o">379 MIN</subfield>
    <subfield code="p">60939</subfield>
    <subfield code="r">2023-05-29</subfield>
    <subfield code="t">46</subfield>
    <subfield code="y">LIB</subfield>
    <subfield code="k">KM</subfield>
  </datafield>
  <datafield tag="952" ind1=" " ind2=" ">
    <subfield code="0">0</subfield>
    <subfield code="1">0</subfield>
    <subfield code="a">BIBESET</subfield>
    <subfield code="b">BIBESET</subfield>
    <subfield code="c">circulacion</subfield>
    <subfield code="d">2018-07-02</subfield>
    <subfield code="o">379 MIN</subfield>
    <subfield code="p">60940</subfield>
    <subfield code="r">2023-05-29</subfield>
    <subfield code="t">47</subfield>
    <subfield code="y">LIB</subfield>
    <subfield code="k">KM</subfield>
  </datafield>
  <datafield tag="952" ind1=" " ind2=" ">
    <subfield code="0">0</subfield>
    <subfield code="1">0</subfield>
    <subfield code="a">BIBESET</subfield>
    <subfield code="b">BIBESET</subfield>
    <subfield code="c">circulacion</subfield>
    <subfield code="d">2018-07-02</subfield>
    <subfield code="o">379 MIN</subfield>
    <subfield code="p">60941</subfield>
    <subfield code="r">2023-05-29</subfield>
    <subfield code="t">48</subfield>
    <subfield code="y">LIB</subfield>
    <subfield code="k">KM</subfield>
  </datafield>
  <datafield tag="952" ind1=" " ind2=" ">
    <subfield code="0">0</subfield>
    <subfield code="1">0</subfield>
    <subfield code="a">BIBESET</subfield>
    <subfield code="b">BIBESET</subfield>
    <subfield code="c">circulacion</subfield>
    <subfield code="d">2018-07-02</subfield>
    <subfield code="o">379 MIN</subfield>
    <subfield code="p">60942</subfield>
    <subfield code="r">2023-05-29</subfield>
    <subfield code="t">49</subfield>
    <subfield code="y">LIB</subfield>
    <subfield code="k">KM</subfield>
  </datafield>
  <datafield tag="952" ind1=" " ind2=" ">
    <subfield code="0">0</subfield>
    <subfield code="1">0</subfield>
    <subfield code="a">BIBESET</subfield>
    <subfield code="b">BIBESET</subfield>
    <subfield code="c">circulacion</subfield>
    <subfield code="d">2018-07-02</subfield>
    <subfield code="o">379 MIN</subfield>
    <subfield code="p">60943</subfield>
    <subfield code="r">2023-05-29</subfield>
    <subfield code="t">50</subfield>
    <subfield code="y">LIB</subfield>
    <subfield code="k">KM</subfield>
  </datafield>
  <datafield tag="952" ind1=" " ind2=" ">
    <subfield code="0">0</subfield>
    <subfield code="1">0</subfield>
    <subfield code="a">BIBESET</subfield>
    <subfield code="b">BIBESET</subfield>
    <subfield code="c">circulacion</subfield>
    <subfield code="d">2018-09-18</subfield>
    <subfield code="o">379 MIN</subfield>
    <subfield code="p">57373</subfield>
    <subfield code="r">2023-05-30</subfield>
    <subfield code="t">19</subfield>
    <subfield code="y">LIB</subfield>
    <subfield code="k">KM</subfield>
  </datafield>
  <datafield tag="952" ind1=" " ind2=" ">
    <subfield code="0">0</subfield>
    <subfield code="1">0</subfield>
    <subfield code="a">BIBESET</subfield>
    <subfield code="b">BIBESET</subfield>
    <subfield code="c">circulacion</subfield>
    <subfield code="d">2018-09-18</subfield>
    <subfield code="o">379 MIN</subfield>
    <subfield code="p">57376</subfield>
    <subfield code="r">2023-05-30</subfield>
    <subfield code="t">21</subfield>
    <subfield code="y">LIB</subfield>
    <subfield code="k">KM</subfield>
  </datafield>
  <datafield tag="952" ind1=" " ind2=" ">
    <subfield code="0">0</subfield>
    <subfield code="1">0</subfield>
    <subfield code="a">BIBESET</subfield>
    <subfield code="b">BIBESET</subfield>
    <subfield code="c">circulacion</subfield>
    <subfield code="d">2018-09-18</subfield>
    <subfield code="o">379 MIN</subfield>
    <subfield code="p">57372</subfield>
    <subfield code="r">2023-05-30</subfield>
    <subfield code="t">18</subfield>
    <subfield code="y">LIB</subfield>
    <subfield code="k">KM</subfield>
  </datafield>
  <datafield tag="952" ind1=" " ind2=" ">
    <subfield code="0">0</subfield>
    <subfield code="1">0</subfield>
    <subfield code="a">BIBESET</subfield>
    <subfield code="b">BIBESET</subfield>
    <subfield code="c">circulacion</subfield>
    <subfield code="d">2018-09-18</subfield>
    <subfield code="o">379 MIN</subfield>
    <subfield code="p">57374</subfield>
    <subfield code="r">2023-05-30</subfield>
    <subfield code="t">20</subfield>
    <subfield code="y">LIB</subfield>
    <subfield code="k">KM</subfield>
  </datafield>
  <datafield tag="952" ind1=" " ind2=" ">
    <subfield code="0">0</subfield>
    <subfield code="1">0</subfield>
    <subfield code="a">BIBESET</subfield>
    <subfield code="b">BIBESET</subfield>
    <subfield code="c">circulacion</subfield>
    <subfield code="d">2018-09-18</subfield>
    <subfield code="o">379 MIN</subfield>
    <subfield code="p">57367</subfield>
    <subfield code="r">2023-05-30</subfield>
    <subfield code="t">14</subfield>
    <subfield code="y">LIB</subfield>
    <subfield code="k">KM</subfield>
  </datafield>
  <datafield tag="952" ind1=" " ind2=" ">
    <subfield code="0">0</subfield>
    <subfield code="1">0</subfield>
    <subfield code="a">BIBESET</subfield>
    <subfield code="b">BIBESET</subfield>
    <subfield code="c">circulacion</subfield>
    <subfield code="d">2018-09-18</subfield>
    <subfield code="o">379 MIN</subfield>
    <subfield code="p">57366</subfield>
    <subfield code="r">2023-05-30</subfield>
    <subfield code="t">13</subfield>
    <subfield code="y">LIB</subfield>
    <subfield code="k">KM</subfield>
  </datafield>
  <datafield tag="952" ind1=" " ind2=" ">
    <subfield code="0">0</subfield>
    <subfield code="1">0</subfield>
    <subfield code="a">BIBESET</subfield>
    <subfield code="b">BIBESET</subfield>
    <subfield code="c">circulacion</subfield>
    <subfield code="d">2018-09-18</subfield>
    <subfield code="o">379 MIN</subfield>
    <subfield code="p">57368</subfield>
    <subfield code="r">2023-05-30</subfield>
    <subfield code="t">15</subfield>
    <subfield code="y">LIB</subfield>
    <subfield code="k">KM</subfield>
  </datafield>
  <datafield tag="952" ind1=" " ind2=" ">
    <subfield code="0">0</subfield>
    <subfield code="1">0</subfield>
    <subfield code="a">BIBESET</subfield>
    <subfield code="b">BIBESET</subfield>
    <subfield code="c">circulacion</subfield>
    <subfield code="d">2018-09-18</subfield>
    <subfield code="o">379 MIN</subfield>
    <subfield code="p">57363</subfield>
    <subfield code="r">2023-05-30</subfield>
    <subfield code="t">10</subfield>
    <subfield code="y">LIB</subfield>
    <subfield code="k">KM</subfield>
  </datafield>
  <datafield tag="952" ind1=" " ind2=" ">
    <subfield code="0">0</subfield>
    <subfield code="1">0</subfield>
    <subfield code="a">BIBESET</subfield>
    <subfield code="b">BIBESET</subfield>
    <subfield code="c">circulacion</subfield>
    <subfield code="d">2018-09-18</subfield>
    <subfield code="o">379 MIN</subfield>
    <subfield code="p">57370</subfield>
    <subfield code="r">2023-05-30</subfield>
    <subfield code="t">17</subfield>
    <subfield code="y">LIB</subfield>
    <subfield code="k">KM</subfield>
  </datafield>
  <datafield tag="952" ind1=" " ind2=" ">
    <subfield code="0">0</subfield>
    <subfield code="1">0</subfield>
    <subfield code="a">BIBESET</subfield>
    <subfield code="b">BIBESET</subfield>
    <subfield code="c">circulacion</subfield>
    <subfield code="d">2018-09-18</subfield>
    <subfield code="o">379 MIN</subfield>
    <subfield code="p">57369</subfield>
    <subfield code="r">2023-05-30</subfield>
    <subfield code="t">16</subfield>
    <subfield code="y">LIB</subfield>
    <subfield code="k">KM</subfield>
  </datafield>
  <datafield tag="952" ind1=" " ind2=" ">
    <subfield code="0">0</subfield>
    <subfield code="1">0</subfield>
    <subfield code="a">BIBESET</subfield>
    <subfield code="b">BIBESET</subfield>
    <subfield code="c">circulacion</subfield>
    <subfield code="d">2018-09-18</subfield>
    <subfield code="o">379 MIN</subfield>
    <subfield code="p">57365</subfield>
    <subfield code="r">2023-05-30</subfield>
    <subfield code="t">12</subfield>
    <subfield code="y">LIB</subfield>
    <subfield code="k">KM</subfield>
  </datafield>
  <datafield tag="952" ind1=" " ind2=" ">
    <subfield code="0">0</subfield>
    <subfield code="1">0</subfield>
    <subfield code="a">BIBESET</subfield>
    <subfield code="b">BIBESET</subfield>
    <subfield code="c">circulacion</subfield>
    <subfield code="d">2018-07-02</subfield>
    <subfield code="o">379 MIN</subfield>
    <subfield code="p">56791</subfield>
    <subfield code="r">2023-05-30</subfield>
    <subfield code="t">9</subfield>
    <subfield code="y">LIB</subfield>
    <subfield code="k">KM</subfield>
  </datafield>
  <datafield tag="952" ind1=" " ind2=" ">
    <subfield code="0">0</subfield>
    <subfield code="1">0</subfield>
    <subfield code="a">BIBESET</subfield>
    <subfield code="b">BIBESET</subfield>
    <subfield code="c">circulacion</subfield>
    <subfield code="d">2019-06-24</subfield>
    <subfield code="o">379 MIN</subfield>
    <subfield code="p">56788</subfield>
    <subfield code="r">2023-05-30</subfield>
    <subfield code="t">7</subfield>
    <subfield code="y">LIB</subfield>
    <subfield code="k">KM</subfield>
  </datafield>
  <datafield tag="952" ind1=" " ind2=" ">
    <subfield code="0">0</subfield>
    <subfield code="1">0</subfield>
    <subfield code="a">BIBESET</subfield>
    <subfield code="b">BIBESET</subfield>
    <subfield code="c">circulacion</subfield>
    <subfield code="d">2018-09-18</subfield>
    <subfield code="o">379 MIN</subfield>
    <subfield code="p">57364</subfield>
    <subfield code="r">2023-05-30</subfield>
    <subfield code="t">11</subfield>
    <subfield code="y">LIB</subfield>
    <subfield code="k">KM</subfield>
  </datafield>
  <datafield tag="952" ind1=" " ind2=" ">
    <subfield code="0">0</subfield>
    <subfield code="1">0</subfield>
    <subfield code="a">BIBESET</subfield>
    <subfield code="b">BIBESET</subfield>
    <subfield code="c">circulacion</subfield>
    <subfield code="d">2010-06-24</subfield>
    <subfield code="o">379 MIN</subfield>
    <subfield code="p">56789</subfield>
    <subfield code="r">2023-05-30</subfield>
    <subfield code="t">8</subfield>
    <subfield code="y">LIB</subfield>
    <subfield code="k">KM</subfield>
  </datafield>
  <datafield tag="952" ind1=" " ind2=" ">
    <subfield code="0">0</subfield>
    <subfield code="1">0</subfield>
    <subfield code="a">BIBESET</subfield>
    <subfield code="b">BIBESET</subfield>
    <subfield code="c">circulacion</subfield>
    <subfield code="d">2019-06-24</subfield>
    <subfield code="o">379 MIN</subfield>
    <subfield code="p">56786</subfield>
    <subfield code="r">2023-05-30</subfield>
    <subfield code="t">5</subfield>
    <subfield code="y">LIB</subfield>
    <subfield code="k">KM</subfield>
  </datafield>
  <datafield tag="952" ind1=" " ind2=" ">
    <subfield code="0">0</subfield>
    <subfield code="1">0</subfield>
    <subfield code="a">BIBESET</subfield>
    <subfield code="b">BIBESET</subfield>
    <subfield code="c">circulacion</subfield>
    <subfield code="d">2019-06-24</subfield>
    <subfield code="o">379 MIN</subfield>
    <subfield code="p">56783</subfield>
    <subfield code="r">2023-05-30</subfield>
    <subfield code="t">2</subfield>
    <subfield code="y">LIB</subfield>
    <subfield code="k">KM</subfield>
  </datafield>
  <datafield tag="952" ind1=" " ind2=" ">
    <subfield code="0">0</subfield>
    <subfield code="1">0</subfield>
    <subfield code="a">BIBESET</subfield>
    <subfield code="b">BIBESET</subfield>
    <subfield code="c">circulacion</subfield>
    <subfield code="d">2019-06-24</subfield>
    <subfield code="o">379 MIN</subfield>
    <subfield code="p">56787</subfield>
    <subfield code="r">2023-05-30</subfield>
    <subfield code="t">6</subfield>
    <subfield code="y">LIB</subfield>
    <subfield code="k">KM</subfield>
  </datafield>
  <datafield tag="952" ind1=" " ind2=" ">
    <subfield code="0">0</subfield>
    <subfield code="1">0</subfield>
    <subfield code="a">BIBESET</subfield>
    <subfield code="b">BIBESET</subfield>
    <subfield code="c">circulacion</subfield>
    <subfield code="d">2019-06-24</subfield>
    <subfield code="o">379 MIN</subfield>
    <subfield code="p">56785</subfield>
    <subfield code="r">2023-05-30</subfield>
    <subfield code="t">4</subfield>
    <subfield code="y">LIB</subfield>
    <subfield code="k">KM</subfield>
  </datafield>
  <datafield tag="952" ind1=" " ind2=" ">
    <subfield code="0">0</subfield>
    <subfield code="1">0</subfield>
    <subfield code="a">BIBESET</subfield>
    <subfield code="b">BIBESET</subfield>
    <subfield code="c">circulacion</subfield>
    <subfield code="d">2019-06-24</subfield>
    <subfield code="o">379 MIN</subfield>
    <subfield code="p">56784</subfield>
    <subfield code="r">2023-05-30</subfield>
    <subfield code="t">3</subfield>
    <subfield code="y">LIB</subfield>
    <subfield code="k">KM</subfield>
  </datafield>
  <datafield tag="952" ind1=" " ind2=" ">
    <subfield code="0">0</subfield>
    <subfield code="1">0</subfield>
    <subfield code="a">BIBESET</subfield>
    <subfield code="b">BIBESET</subfield>
    <subfield code="c">circulacion</subfield>
    <subfield code="d">2024-11-19</subfield>
    <subfield code="o">379 MIN</subfield>
    <subfield code="p">62312</subfield>
    <subfield code="r">2024-11-19</subfield>
    <subfield code="t">62</subfield>
    <subfield code="y">LIB</subfield>
    <subfield code="k">PR</subfield>
  </datafield>
  <datafield tag="952" ind1=" " ind2=" ">
    <subfield code="0">0</subfield>
    <subfield code="1">0</subfield>
    <subfield code="a">BIBESET</subfield>
    <subfield code="b">BIBESET</subfield>
    <subfield code="c">circulacion</subfield>
    <subfield code="d">2024-11-19</subfield>
    <subfield code="o">379 MIN</subfield>
    <subfield code="p">62313</subfield>
    <subfield code="r">2024-11-19</subfield>
    <subfield code="t">63</subfield>
    <subfield code="y">LIB</subfield>
    <subfield code="k">PR</subfield>
  </datafield>
  <datafield tag="952" ind1=" " ind2=" ">
    <subfield code="0">0</subfield>
    <subfield code="1">0</subfield>
    <subfield code="a">BIBESET</subfield>
    <subfield code="b">BIBESET</subfield>
    <subfield code="c">circulacion</subfield>
    <subfield code="d">2024-11-19</subfield>
    <subfield code="o">379 MIN</subfield>
    <subfield code="p">62314</subfield>
    <subfield code="r">2024-11-19</subfield>
    <subfield code="t">64</subfield>
    <subfield code="y">LIB</subfield>
    <subfield code="k">PR</subfield>
  </datafield>
  <datafield tag="952" ind1=" " ind2=" ">
    <subfield code="0">0</subfield>
    <subfield code="1">0</subfield>
    <subfield code="a">BIBESET</subfield>
    <subfield code="b">BIBESET</subfield>
    <subfield code="c">circulacion</subfield>
    <subfield code="d">2024-11-19</subfield>
    <subfield code="o">379 MIN</subfield>
    <subfield code="p">62315</subfield>
    <subfield code="r">2024-11-19</subfield>
    <subfield code="t">65</subfield>
    <subfield code="y">LIB</subfield>
    <subfield code="k">PR</subfield>
  </datafield>
  <datafield tag="952" ind1=" " ind2=" ">
    <subfield code="0">0</subfield>
    <subfield code="1">0</subfield>
    <subfield code="a">BIBESET</subfield>
    <subfield code="b">BIBESET</subfield>
    <subfield code="c">circulacion</subfield>
    <subfield code="d">2024-11-19</subfield>
    <subfield code="o">379 MIN</subfield>
    <subfield code="p">62316</subfield>
    <subfield code="r">2024-11-19</subfield>
    <subfield code="t">66</subfield>
    <subfield code="y">LIB</subfield>
    <subfield code="k">PR</subfield>
  </datafield>
  <datafield tag="952" ind1=" " ind2=" ">
    <subfield code="0">0</subfield>
    <subfield code="1">0</subfield>
    <subfield code="a">BIBESET</subfield>
    <subfield code="b">BIBESET</subfield>
    <subfield code="c">circulacion</subfield>
    <subfield code="d">2024-11-19</subfield>
    <subfield code="o">379 MIN</subfield>
    <subfield code="p">62317</subfield>
    <subfield code="r">2024-11-19</subfield>
    <subfield code="t">67</subfield>
    <subfield code="y">LIB</subfield>
    <subfield code="k">PR</subfield>
  </datafield>
  <datafield tag="952" ind1=" " ind2=" ">
    <subfield code="0">0</subfield>
    <subfield code="1">0</subfield>
    <subfield code="a">BIBESET</subfield>
    <subfield code="b">BIBESET</subfield>
    <subfield code="c">circulacion</subfield>
    <subfield code="d">2024-11-19</subfield>
    <subfield code="o">379 MIN</subfield>
    <subfield code="p">62318</subfield>
    <subfield code="r">2024-11-19</subfield>
    <subfield code="t">68</subfield>
    <subfield code="y">LIB</subfield>
    <subfield code="k">PR</subfield>
  </datafield>
  <datafield tag="952" ind1=" " ind2=" ">
    <subfield code="0">0</subfield>
    <subfield code="1">0</subfield>
    <subfield code="a">BIBESET</subfield>
    <subfield code="b">BIBESET</subfield>
    <subfield code="c">circulacion</subfield>
    <subfield code="d">2024-11-19</subfield>
    <subfield code="o">379 MIN</subfield>
    <subfield code="p">62319</subfield>
    <subfield code="r">2024-11-19</subfield>
    <subfield code="t">69</subfield>
    <subfield code="y">LIB</subfield>
    <subfield code="k">PR</subfield>
  </datafield>
  <datafield tag="952" ind1=" " ind2=" ">
    <subfield code="0">0</subfield>
    <subfield code="1">0</subfield>
    <subfield code="a">BIBESET</subfield>
    <subfield code="b">BIBESET</subfield>
    <subfield code="c">circulacion</subfield>
    <subfield code="d">2024-11-19</subfield>
    <subfield code="o">379 MIN</subfield>
    <subfield code="p">62320</subfield>
    <subfield code="r">2024-11-19</subfield>
    <subfield code="t">70</subfield>
    <subfield code="y">LIB</subfield>
    <subfield code="k">PR</subfield>
  </datafield>
  <datafield tag="952" ind1=" " ind2=" ">
    <subfield code="0">0</subfield>
    <subfield code="1">0</subfield>
    <subfield code="a">BIBESET</subfield>
    <subfield code="b">BIBESET</subfield>
    <subfield code="c">circulacion</subfield>
    <subfield code="d">2024-11-19</subfield>
    <subfield code="o">379 MIN</subfield>
    <subfield code="p">62321</subfield>
    <subfield code="r">2024-11-19</subfield>
    <subfield code="t">71</subfield>
    <subfield code="y">LIB</subfield>
    <subfield code="k">PR</subfield>
  </datafield>
  <datafield tag="952" ind1=" " ind2=" ">
    <subfield code="0">0</subfield>
    <subfield code="1">0</subfield>
    <subfield code="a">BIBESET</subfield>
    <subfield code="b">BIBESET</subfield>
    <subfield code="c">circulacion</subfield>
    <subfield code="d">2024-11-19</subfield>
    <subfield code="o">379 MIN</subfield>
    <subfield code="p">62322</subfield>
    <subfield code="r">2024-11-19</subfield>
    <subfield code="t">72</subfield>
    <subfield code="y">LIB</subfield>
    <subfield code="k">PR</subfield>
  </datafield>
  <datafield tag="952" ind1=" " ind2=" ">
    <subfield code="0">0</subfield>
    <subfield code="1">0</subfield>
    <subfield code="a">BIBESET</subfield>
    <subfield code="b">BIBESET</subfield>
    <subfield code="c">circulacion</subfield>
    <subfield code="d">2024-11-19</subfield>
    <subfield code="o">379 MIN</subfield>
    <subfield code="p">62323</subfield>
    <subfield code="r">2024-11-19</subfield>
    <subfield code="t">73</subfield>
    <subfield code="y">LIB</subfield>
    <subfield code="k">PR</subfield>
  </datafield>
  <datafield tag="952" ind1=" " ind2=" ">
    <subfield code="0">0</subfield>
    <subfield code="1">0</subfield>
    <subfield code="a">BIBESET</subfield>
    <subfield code="b">BIBESET</subfield>
    <subfield code="c">circulacion</subfield>
    <subfield code="d">2024-11-19</subfield>
    <subfield code="o">379 MIN</subfield>
    <subfield code="p">62324</subfield>
    <subfield code="r">2024-11-19</subfield>
    <subfield code="t">74</subfield>
    <subfield code="y">LIB</subfield>
    <subfield code="k">PR</subfield>
  </datafield>
  <datafield tag="952" ind1=" " ind2=" ">
    <subfield code="0">0</subfield>
    <subfield code="1">0</subfield>
    <subfield code="a">BIBESET</subfield>
    <subfield code="b">BIBESET</subfield>
    <subfield code="c">circulacion</subfield>
    <subfield code="d">2024-11-19</subfield>
    <subfield code="o">379 MIN</subfield>
    <subfield code="p">62325</subfield>
    <subfield code="r">2024-11-19</subfield>
    <subfield code="t">75</subfield>
    <subfield code="y">LIB</subfield>
    <subfield code="k">PR</subfield>
  </datafield>
  <datafield tag="952" ind1=" " ind2=" ">
    <subfield code="0">0</subfield>
    <subfield code="1">0</subfield>
    <subfield code="a">BIBESET</subfield>
    <subfield code="b">BIBESET</subfield>
    <subfield code="c">circulacion</subfield>
    <subfield code="d">2018-07-02</subfield>
    <subfield code="o">379 MIN</subfield>
    <subfield code="p">56782</subfield>
    <subfield code="r">2024-11-28</subfield>
    <subfield code="t">1</subfield>
    <subfield code="y">LIB</subfield>
    <subfield code="k">KM</subfield>
  </datafield>
  <datafield tag="952" ind1=" " ind2=" ">
    <subfield code="0">0</subfield>
    <subfield code="1">0</subfield>
    <subfield code="a">BIBESET</subfield>
    <subfield code="b">BIBESET</subfield>
    <subfield code="c">circulacion</subfield>
    <subfield code="d">2019-11-19</subfield>
    <subfield code="o">379 MIN</subfield>
    <subfield code="p">59746</subfield>
    <subfield code="r">2024-11-28</subfield>
    <subfield code="t">22</subfield>
    <subfield code="y">LIB</subfield>
    <subfield code="k">KM</subfield>
  </datafield>
  <datafield tag="952" ind1=" " ind2=" ">
    <subfield code="0">0</subfield>
    <subfield code="1">0</subfield>
    <subfield code="a">BIBESET</subfield>
    <subfield code="b">BIBESET</subfield>
    <subfield code="c">circulacion</subfield>
    <subfield code="d">2018-07-02</subfield>
    <subfield code="o">379 MIN</subfield>
    <subfield code="p">60944</subfield>
    <subfield code="r">2024-11-28</subfield>
    <subfield code="t">51</subfield>
    <subfield code="y">LIB</subfield>
    <subfield code="k">KM</subfield>
  </datafield>
  <datafield tag="952" ind1=" " ind2=" ">
    <subfield code="0">0</subfield>
    <subfield code="1">0</subfield>
    <subfield code="a">BIBESET</subfield>
    <subfield code="b">BIBESET</subfield>
    <subfield code="c">circulacion</subfield>
    <subfield code="d">2024-11-19</subfield>
    <subfield code="l">0</subfield>
    <subfield code="o">379 MIN</subfield>
    <subfield code="p">61716</subfield>
    <subfield code="r">2024-11-28</subfield>
    <subfield code="t">52</subfield>
    <subfield code="w">2024-11-28</subfield>
    <subfield code="y">LIB</subfield>
    <subfield code="k">KM</subfield>
  </datafield>
  <datafield tag="952" ind1=" " ind2=" ">
    <subfield code="0">0</subfield>
    <subfield code="1">0</subfield>
    <subfield code="a">BIBESET</subfield>
    <subfield code="b">BIBESET</subfield>
    <subfield code="c">circulacion</subfield>
    <subfield code="d">2024-11-28</subfield>
    <subfield code="l">0</subfield>
    <subfield code="o">379 MIN</subfield>
    <subfield code="p">61717</subfield>
    <subfield code="r">2024-11-28</subfield>
    <subfield code="t">53</subfield>
    <subfield code="w">2024-11-28</subfield>
    <subfield code="y">LIB</subfield>
    <subfield code="k">KM</subfield>
  </datafield>
  <datafield tag="952" ind1=" " ind2=" ">
    <subfield code="0">0</subfield>
    <subfield code="1">0</subfield>
    <subfield code="a">BIBESET</subfield>
    <subfield code="b">BIBESET</subfield>
    <subfield code="c">circulacion</subfield>
    <subfield code="d">2024-11-28</subfield>
    <subfield code="l">0</subfield>
    <subfield code="o">379 MIN</subfield>
    <subfield code="p">61718</subfield>
    <subfield code="r">2024-11-28</subfield>
    <subfield code="t">54</subfield>
    <subfield code="w">2024-11-28</subfield>
    <subfield code="y">LIB</subfield>
    <subfield code="k">KM</subfield>
  </datafield>
  <datafield tag="952" ind1=" " ind2=" ">
    <subfield code="0">0</subfield>
    <subfield code="1">0</subfield>
    <subfield code="a">BIBESET</subfield>
    <subfield code="b">BIBESET</subfield>
    <subfield code="c">circulacion</subfield>
    <subfield code="d">2024-11-28</subfield>
    <subfield code="l">1</subfield>
    <subfield code="o">379 MIN</subfield>
    <subfield code="p">61719</subfield>
    <subfield code="r">2025-11-27</subfield>
    <subfield code="s">2025-11-27</subfield>
    <subfield code="t">55</subfield>
    <subfield code="w">2024-11-28</subfield>
    <subfield code="y">LIB</subfield>
    <subfield code="k">KM</subfield>
  </datafield>
  <datafield tag="952" ind1=" " ind2=" ">
    <subfield code="0">0</subfield>
    <subfield code="1">0</subfield>
    <subfield code="a">BIBESET</subfield>
    <subfield code="b">BIBESET</subfield>
    <subfield code="c">circulacion</subfield>
    <subfield code="d">2024-11-28</subfield>
    <subfield code="l">1</subfield>
    <subfield code="o">379 MIN</subfield>
    <subfield code="p">61720</subfield>
    <subfield code="r">2025-11-27</subfield>
    <subfield code="s">2025-11-27</subfield>
    <subfield code="t">56</subfield>
    <subfield code="w">2024-11-28</subfield>
    <subfield code="y">LIB</subfield>
    <subfield code="k">KM</subfield>
  </datafield>
  <datafield tag="952" ind1=" " ind2=" ">
    <subfield code="0">0</subfield>
    <subfield code="1">0</subfield>
    <subfield code="a">BIBESET</subfield>
    <subfield code="b">BIBESET</subfield>
    <subfield code="c">circulacion</subfield>
    <subfield code="d">2024-11-28</subfield>
    <subfield code="o">379 MIN</subfield>
    <subfield code="p">61721</subfield>
    <subfield code="r">2024-11-28</subfield>
    <subfield code="t">57</subfield>
    <subfield code="y">LIB</subfield>
    <subfield code="k">KM</subfield>
  </datafield>
  <datafield tag="952" ind1=" " ind2=" ">
    <subfield code="0">0</subfield>
    <subfield code="1">0</subfield>
    <subfield code="a">BIBESET</subfield>
    <subfield code="b">BIBESET</subfield>
    <subfield code="c">circulacion</subfield>
    <subfield code="d">2024-11-28</subfield>
    <subfield code="l">0</subfield>
    <subfield code="o">379 MIN</subfield>
    <subfield code="p">61722</subfield>
    <subfield code="r">2024-11-28</subfield>
    <subfield code="t">58</subfield>
    <subfield code="w">2024-11-28</subfield>
    <subfield code="y">LIB</subfield>
    <subfield code="k">KM</subfield>
  </datafield>
  <datafield tag="952" ind1=" " ind2=" ">
    <subfield code="0">0</subfield>
    <subfield code="1">0</subfield>
    <subfield code="a">BIBESET</subfield>
    <subfield code="b">BIBESET</subfield>
    <subfield code="c">circulacion</subfield>
    <subfield code="d">2024-11-28</subfield>
    <subfield code="o">379 MIN</subfield>
    <subfield code="p">61723</subfield>
    <subfield code="r">2024-11-28</subfield>
    <subfield code="t">63</subfield>
    <subfield code="y">LIB</subfield>
    <subfield code="k">KM</subfield>
  </datafield>
  <datafield tag="952" ind1=" " ind2=" ">
    <subfield code="0">0</subfield>
    <subfield code="1">0</subfield>
    <subfield code="a">BIBESET</subfield>
    <subfield code="b">BIBESET</subfield>
    <subfield code="c">circulacion</subfield>
    <subfield code="d">2024-11-28</subfield>
    <subfield code="l">0</subfield>
    <subfield code="o">379 MIN</subfield>
    <subfield code="p">61724</subfield>
    <subfield code="r">2024-11-28</subfield>
    <subfield code="t">60</subfield>
    <subfield code="w">2024-11-28</subfield>
    <subfield code="y">LIB</subfield>
    <subfield code="k">KM</subfield>
  </datafield>
  <datafield tag="952" ind1=" " ind2=" ">
    <subfield code="0">0</subfield>
    <subfield code="1">0</subfield>
    <subfield code="a">BIBESET</subfield>
    <subfield code="b">BIBESET</subfield>
    <subfield code="c">circulacion</subfield>
    <subfield code="d">2024-11-28</subfield>
    <subfield code="l">0</subfield>
    <subfield code="o">379 MIN</subfield>
    <subfield code="p">61725</subfield>
    <subfield code="r">2024-11-28</subfield>
    <subfield code="t">61</subfield>
    <subfield code="w">2024-11-28</subfield>
    <subfield code="y">LIB</subfield>
    <subfield code="k">KM</subfield>
  </datafield>
  <datafield tag="952" ind1=" " ind2=" ">
    <subfield code="0">0</subfield>
    <subfield code="1">0</subfield>
    <subfield code="a">BIBESET</subfield>
    <subfield code="b">BIBESET</subfield>
    <subfield code="c">circulacion</subfield>
    <subfield code="d">2024-11-19</subfield>
    <subfield code="l">0</subfield>
    <subfield code="o">379 MIN</subfield>
    <subfield code="p">62326</subfield>
    <subfield code="r">2024-11-28</subfield>
    <subfield code="t">76</subfield>
    <subfield code="w">2024-11-28</subfield>
    <subfield code="y">LIB</subfield>
    <subfield code="k">PR</subfield>
  </datafield>
  <datafield tag="952" ind1=" " ind2=" ">
    <subfield code="0">0</subfield>
    <subfield code="1">0</subfield>
    <subfield code="a">BIBESET</subfield>
    <subfield code="b">BIBESET</subfield>
    <subfield code="c">circulacion</subfield>
    <subfield code="d">2024-11-19</subfield>
    <subfield code="l">0</subfield>
    <subfield code="o">379 MIN</subfield>
    <subfield code="p">62327</subfield>
    <subfield code="r">2024-11-28</subfield>
    <subfield code="t">77</subfield>
    <subfield code="w">2024-11-28</subfield>
    <subfield code="y">LIB</subfield>
    <subfield code="k">KM</subfield>
  </datafield>
  <datafield tag="952" ind1=" " ind2=" ">
    <subfield code="0">0</subfield>
    <subfield code="1">0</subfield>
    <subfield code="a">BIBESET</subfield>
    <subfield code="b">BIBESET</subfield>
    <subfield code="c">circulacion</subfield>
    <subfield code="d">2024-11-19</subfield>
    <subfield code="l">0</subfield>
    <subfield code="o">379 MIN</subfield>
    <subfield code="p">62328</subfield>
    <subfield code="r">2024-11-28</subfield>
    <subfield code="t">78</subfield>
    <subfield code="w">2024-11-28</subfield>
    <subfield code="y">LIB</subfield>
    <subfield code="k">KM</subfield>
  </datafield>
  <datafield tag="952" ind1=" " ind2=" ">
    <subfield code="0">0</subfield>
    <subfield code="1">0</subfield>
    <subfield code="a">BIBESET</subfield>
    <subfield code="b">BIBESET</subfield>
    <subfield code="c">circulacion</subfield>
    <subfield code="d">2024-12-05</subfield>
    <subfield code="l">1</subfield>
    <subfield code="o">379 MIN</subfield>
    <subfield code="p">62853</subfield>
    <subfield code="r">2025-11-27</subfield>
    <subfield code="s">2025-11-27</subfield>
    <subfield code="t">85</subfield>
    <subfield code="w">2024-12-05</subfield>
    <subfield code="y">LIB</subfield>
    <subfield code="k">PK</subfield>
  </datafield>
  <datafield tag="952" ind1=" " ind2=" ">
    <subfield code="0">0</subfield>
    <subfield code="1">0</subfield>
    <subfield code="a">BIBESET</subfield>
    <subfield code="b">BIBESET</subfield>
    <subfield code="c">circulacion</subfield>
    <subfield code="d">2024-12-05</subfield>
    <subfield code="l">0</subfield>
    <subfield code="o">379 MIN</subfield>
    <subfield code="p">62854</subfield>
    <subfield code="r">2024-12-05</subfield>
    <subfield code="t">86</subfield>
    <subfield code="w">2024-12-05</subfield>
    <subfield code="y">LIB</subfield>
  </datafield>
  <datafield tag="952" ind1=" " ind2=" ">
    <subfield code="0">0</subfield>
    <subfield code="1">0</subfield>
    <subfield code="a">BIBESET</subfield>
    <subfield code="b">BIBESET</subfield>
    <subfield code="c">circulacion</subfield>
    <subfield code="d">2024-12-05</subfield>
    <subfield code="l">0</subfield>
    <subfield code="o">379 MIN</subfield>
    <subfield code="p">62741</subfield>
    <subfield code="r">2024-12-06</subfield>
    <subfield code="t">87</subfield>
    <subfield code="w">2024-12-06</subfield>
    <subfield code="y">LIB</subfield>
    <subfield code="k">PR</subfield>
  </datafield>
  <datafield tag="952" ind1=" " ind2=" ">
    <subfield code="0">0</subfield>
    <subfield code="1">0</subfield>
    <subfield code="a">BIBESET</subfield>
    <subfield code="b">BIBESET</subfield>
    <subfield code="c">circulacion</subfield>
    <subfield code="d">2024-12-05</subfield>
    <subfield code="l">0</subfield>
    <subfield code="o">379 MIN</subfield>
    <subfield code="p">62742</subfield>
    <subfield code="r">2024-12-06</subfield>
    <subfield code="t">88</subfield>
    <subfield code="w">2024-12-06</subfield>
    <subfield code="y">LIB</subfield>
    <subfield code="k">PR</subfield>
  </datafield>
  <datafield tag="952" ind1=" " ind2=" ">
    <subfield code="0">0</subfield>
    <subfield code="1">0</subfield>
    <subfield code="a">BIBESET</subfield>
    <subfield code="b">BIBESET</subfield>
    <subfield code="c">circulacion</subfield>
    <subfield code="d">2024-12-05</subfield>
    <subfield code="l">0</subfield>
    <subfield code="o">379 MIN</subfield>
    <subfield code="p">62743</subfield>
    <subfield code="r">2024-12-06</subfield>
    <subfield code="t">89</subfield>
    <subfield code="w">2024-12-06</subfield>
    <subfield code="y">LIB</subfield>
    <subfield code="k">PR</subfield>
  </datafield>
  <datafield tag="952" ind1=" " ind2=" ">
    <subfield code="0">0</subfield>
    <subfield code="1">0</subfield>
    <subfield code="a">BIBESET</subfield>
    <subfield code="b">BIBESET</subfield>
    <subfield code="c">circulacion</subfield>
    <subfield code="d">2024-12-05</subfield>
    <subfield code="l">2</subfield>
    <subfield code="o">379 MIN</subfield>
    <subfield code="p">62744</subfield>
    <subfield code="q">2025-12-16</subfield>
    <subfield code="r">2025-12-09</subfield>
    <subfield code="s">2025-12-09</subfield>
    <subfield code="t">90</subfield>
    <subfield code="w">2024-12-06</subfield>
    <subfield code="y">LIB</subfield>
    <subfield code="k">PR</subfield>
  </datafield>
  <datafield tag="952" ind1=" " ind2=" ">
    <subfield code="0">0</subfield>
    <subfield code="1">0</subfield>
    <subfield code="a">BIBESET</subfield>
    <subfield code="b">BIBESET</subfield>
    <subfield code="c">circulacion</subfield>
    <subfield code="d">2024-12-05</subfield>
    <subfield code="l">0</subfield>
    <subfield code="o">379 MIN</subfield>
    <subfield code="p">62745</subfield>
    <subfield code="r">2024-12-06</subfield>
    <subfield code="t">91</subfield>
    <subfield code="w">2024-12-06</subfield>
    <subfield code="y">LIB</subfield>
    <subfield code="k">PR</subfield>
  </datafield>
  <datafield tag="952" ind1=" " ind2=" ">
    <subfield code="0">0</subfield>
    <subfield code="1">0</subfield>
    <subfield code="a">BIBESET</subfield>
    <subfield code="b">BIBESET</subfield>
    <subfield code="c">circulacion</subfield>
    <subfield code="d">2024-12-05</subfield>
    <subfield code="l">0</subfield>
    <subfield code="o">379 MIN</subfield>
    <subfield code="p">62746</subfield>
    <subfield code="r">2024-12-06</subfield>
    <subfield code="t">92</subfield>
    <subfield code="w">2024-12-06</subfield>
    <subfield code="y">LIB</subfield>
    <subfield code="k">PR</subfield>
  </datafield>
  <datafield tag="952" ind1=" " ind2=" ">
    <subfield code="0">0</subfield>
    <subfield code="1">0</subfield>
    <subfield code="a">BIBESET</subfield>
    <subfield code="b">BIBESET</subfield>
    <subfield code="c">circulacion</subfield>
    <subfield code="d">2024-12-05</subfield>
    <subfield code="l">0</subfield>
    <subfield code="o">379 MIN</subfield>
    <subfield code="p">62747</subfield>
    <subfield code="r">2024-12-06</subfield>
    <subfield code="t">93</subfield>
    <subfield code="w">2024-12-06</subfield>
    <subfield code="y">LIB</subfield>
    <subfield code="k">PR</subfield>
  </datafield>
  <datafield tag="952" ind1=" " ind2=" ">
    <subfield code="0">0</subfield>
    <subfield code="1">0</subfield>
    <subfield code="a">BIBESET</subfield>
    <subfield code="b">BIBESET</subfield>
    <subfield code="c">circulacion</subfield>
    <subfield code="d">2024-12-05</subfield>
    <subfield code="l">0</subfield>
    <subfield code="o">379 MIN</subfield>
    <subfield code="p">62748</subfield>
    <subfield code="r">2024-12-06</subfield>
    <subfield code="t">94</subfield>
    <subfield code="w">2024-12-06</subfield>
    <subfield code="y">LIB</subfield>
    <subfield code="k">PR</subfield>
  </datafield>
  <datafield tag="952" ind1=" " ind2=" ">
    <subfield code="0">0</subfield>
    <subfield code="1">0</subfield>
    <subfield code="a">BIBESET</subfield>
    <subfield code="b">BIBESET</subfield>
    <subfield code="c">circulacion</subfield>
    <subfield code="d">2024-12-05</subfield>
    <subfield code="l">0</subfield>
    <subfield code="o">379 MIN</subfield>
    <subfield code="p">62749</subfield>
    <subfield code="r">2024-12-06</subfield>
    <subfield code="t">95</subfield>
    <subfield code="w">2024-12-06</subfield>
    <subfield code="y">LIB</subfield>
    <subfield code="k">PR</subfield>
  </datafield>
  <datafield tag="952" ind1=" " ind2=" ">
    <subfield code="0">0</subfield>
    <subfield code="1">0</subfield>
    <subfield code="a">BIBESET</subfield>
    <subfield code="b">BIBESET</subfield>
    <subfield code="c">circulacion</subfield>
    <subfield code="d">2024-12-05</subfield>
    <subfield code="l">0</subfield>
    <subfield code="o">379 MIN</subfield>
    <subfield code="p">62750</subfield>
    <subfield code="r">2024-12-06</subfield>
    <subfield code="t">96</subfield>
    <subfield code="w">2024-12-06</subfield>
    <subfield code="y">LIB</subfield>
    <subfield code="k">PR</subfield>
  </datafield>
  <datafield tag="952" ind1=" " ind2=" ">
    <subfield code="0">0</subfield>
    <subfield code="1">0</subfield>
    <subfield code="a">BIBESET</subfield>
    <subfield code="b">BIBESET</subfield>
    <subfield code="c">circulacion</subfield>
    <subfield code="d">2024-12-05</subfield>
    <subfield code="l">0</subfield>
    <subfield code="o">379 MIN</subfield>
    <subfield code="p">62751</subfield>
    <subfield code="r">2024-12-06</subfield>
    <subfield code="t">97</subfield>
    <subfield code="w">2024-12-06</subfield>
    <subfield code="y">LIB</subfield>
    <subfield code="k">PR</subfield>
  </datafield>
  <datafield tag="952" ind1=" " ind2=" ">
    <subfield code="0">0</subfield>
    <subfield code="1">0</subfield>
    <subfield code="a">BIBESET</subfield>
    <subfield code="b">BIBESET</subfield>
    <subfield code="c">circulacion</subfield>
    <subfield code="d">2024-12-05</subfield>
    <subfield code="l">1</subfield>
    <subfield code="o">379 MIN</subfield>
    <subfield code="p">62752</subfield>
    <subfield code="r">2025-11-27</subfield>
    <subfield code="s">2025-11-27</subfield>
    <subfield code="t">98</subfield>
    <subfield code="w">2024-12-06</subfield>
    <subfield code="y">LIB</subfield>
    <subfield code="k">PR</subfield>
  </datafield>
  <datafield tag="952" ind1=" " ind2=" ">
    <subfield code="0">0</subfield>
    <subfield code="1">0</subfield>
    <subfield code="a">BIBESET</subfield>
    <subfield code="b">BIBESET</subfield>
    <subfield code="c">circulacion</subfield>
    <subfield code="d">2024-12-05</subfield>
    <subfield code="l">0</subfield>
    <subfield code="o">379 MIN</subfield>
    <subfield code="p">62753</subfield>
    <subfield code="r">2024-12-06</subfield>
    <subfield code="t">99</subfield>
    <subfield code="w">2024-12-06</subfield>
    <subfield code="y">LIB</subfield>
    <subfield code="k">PR</subfield>
  </datafield>
  <datafield tag="952" ind1=" " ind2=" ">
    <subfield code="0">0</subfield>
    <subfield code="1">0</subfield>
    <subfield code="a">BIBESET</subfield>
    <subfield code="b">BIBESET</subfield>
    <subfield code="c">circulacion</subfield>
    <subfield code="d">2024-12-05</subfield>
    <subfield code="o">379 MIN</subfield>
    <subfield code="p">62754</subfield>
    <subfield code="r">2024-12-06</subfield>
    <subfield code="t">100</subfield>
    <subfield code="y">LIB</subfield>
    <subfield code="k">PR</subfield>
  </datafield>
  <datafield tag="952" ind1=" " ind2=" ">
    <subfield code="0">0</subfield>
    <subfield code="1">0</subfield>
    <subfield code="a">BIBESET</subfield>
    <subfield code="b">BIBESET</subfield>
    <subfield code="c">circulacion</subfield>
    <subfield code="d">2024-12-05</subfield>
    <subfield code="l">0</subfield>
    <subfield code="o">379 MIN</subfield>
    <subfield code="p">62755</subfield>
    <subfield code="r">2024-12-06</subfield>
    <subfield code="t">101</subfield>
    <subfield code="w">2024-12-06</subfield>
    <subfield code="y">LIB</subfield>
    <subfield code="k">PR</subfield>
  </datafield>
  <datafield tag="952" ind1=" " ind2=" ">
    <subfield code="0">0</subfield>
    <subfield code="1">0</subfield>
    <subfield code="a">BIBESET</subfield>
    <subfield code="b">BIBESET</subfield>
    <subfield code="c">circulacion</subfield>
    <subfield code="d">2024-12-05</subfield>
    <subfield code="l">0</subfield>
    <subfield code="o">379 MIN</subfield>
    <subfield code="p">62756</subfield>
    <subfield code="r">2024-12-06</subfield>
    <subfield code="t">102</subfield>
    <subfield code="w">2024-12-06</subfield>
    <subfield code="y">LIB</subfield>
    <subfield code="k">PR</subfield>
  </datafield>
  <datafield tag="952" ind1=" " ind2=" ">
    <subfield code="0">0</subfield>
    <subfield code="1">0</subfield>
    <subfield code="a">BIBESET</subfield>
    <subfield code="b">BIBESET</subfield>
    <subfield code="c">circulacion</subfield>
    <subfield code="d">2024-12-05</subfield>
    <subfield code="l">0</subfield>
    <subfield code="o">379 MIN</subfield>
    <subfield code="p">62757</subfield>
    <subfield code="r">2024-12-06</subfield>
    <subfield code="t">103</subfield>
    <subfield code="w">2024-12-06</subfield>
    <subfield code="y">LIB</subfield>
    <subfield code="k">PR</subfield>
  </datafield>
  <datafield tag="952" ind1=" " ind2=" ">
    <subfield code="0">0</subfield>
    <subfield code="1">0</subfield>
    <subfield code="a">BIBESET</subfield>
    <subfield code="b">BIBESET</subfield>
    <subfield code="c">circulacion</subfield>
    <subfield code="d">2024-12-05</subfield>
    <subfield code="l">1</subfield>
    <subfield code="o">379 MIN</subfield>
    <subfield code="p">62758</subfield>
    <subfield code="r">2025-11-27</subfield>
    <subfield code="s">2025-11-27</subfield>
    <subfield code="t">104</subfield>
    <subfield code="w">2024-12-06</subfield>
    <subfield code="y">LIB</subfield>
    <subfield code="k">PR</subfield>
  </datafield>
  <datafield tag="952" ind1=" " ind2=" ">
    <subfield code="0">0</subfield>
    <subfield code="1">0</subfield>
    <subfield code="a">BIBESET</subfield>
    <subfield code="b">BIBESET</subfield>
    <subfield code="c">circulacion</subfield>
    <subfield code="d">2024-12-05</subfield>
    <subfield code="l">0</subfield>
    <subfield code="o">379 MIN</subfield>
    <subfield code="p">62759</subfield>
    <subfield code="r">2024-12-06</subfield>
    <subfield code="t">105</subfield>
    <subfield code="w">2024-12-06</subfield>
    <subfield code="y">LIB</subfield>
    <subfield code="k">PR</subfield>
  </datafield>
  <datafield tag="952" ind1=" " ind2=" ">
    <subfield code="0">0</subfield>
    <subfield code="1">0</subfield>
    <subfield code="a">BIBESET</subfield>
    <subfield code="b">BIBESET</subfield>
    <subfield code="c">circulacion</subfield>
    <subfield code="d">2024-12-05</subfield>
    <subfield code="l">1</subfield>
    <subfield code="o">379 MIN</subfield>
    <subfield code="p">62760</subfield>
    <subfield code="r">2025-11-27</subfield>
    <subfield code="s">2025-11-27</subfield>
    <subfield code="t">106</subfield>
    <subfield code="w">2024-12-06</subfield>
    <subfield code="y">LIB</subfield>
    <subfield code="k">PR</subfield>
  </datafield>
  <datafield tag="952" ind1=" " ind2=" ">
    <subfield code="0">0</subfield>
    <subfield code="1">0</subfield>
    <subfield code="a">BIBESET</subfield>
    <subfield code="b">BIBESET</subfield>
    <subfield code="c">circulacion</subfield>
    <subfield code="d">0000-00-00</subfield>
    <subfield code="l">2</subfield>
    <subfield code="o">379 MIN</subfield>
    <subfield code="p">56790</subfield>
    <subfield code="q">2025-12-16</subfield>
    <subfield code="r">2025-12-09</subfield>
    <subfield code="s">2025-12-09</subfield>
    <subfield code="t">107</subfield>
    <subfield code="y">LIB</subfield>
    <subfield code="k">GA</subfield>
  </datafield>
</record>
